{"text_format":"1","workbook":"xlsx","n_sheets":1,"sheets":["VYHODNOCENÍ"],"not_rendered":{"charts":0,"images":0,"macros":1,"external_links":0,"defined_names":5,"comments":0,"pivot_tables":0},"unopened":[],"bounds":{"document_bytes":16777216,"sheet_cells":100000,"rows_first":2000,"rows_last":500,"rows_between":2000,"halvings":0,"cell_chars":16384,"cell_head_chars":4096},"cells_cut":0,"cells_raw":0,"read":"whole","date_system":"1900"}

{"sheet":"VYHODNOCENÍ","index":0,"n_rows":673,"n_cols":20,"rows_kept":673,"cut":false,"hidden":false,"merged":[]}
["VYHODNOCENÍ",null,null,null,"kurz EUR/CZK:",25.1,null,null,null,{"$f":"SUBTOTAL(9,J3:J1487)","v":724.17000000000064},{"$f":"M1/J1","v":7782.4046839830362},{"$f":"N1/J1","v":312.10864852175575},{"$f":"SUBTOTAL(9,M3:M1487)","v":5635784},{"$f":"SUBTOTAL(9,N3:N1487)","v":226019.72000000006},{"$f":"P1/J1","v":12637.087713658379},{"$f":"SUBTOTAL(9,P3:P1487)","v":9151399.8095999956},{"$f":"O1-K1","v":4854.6830296753424},{"$f":"S1/J1","v":507.87638870787958},{"$f":"SUBTOTAL(9,S3:S1487)","v":367788.84441058547}]
["EVIDENČNÍ ČÍSLO (Nummer)","ŠTÍTEK (Etikette)","ZÁMĚR (Bereitstellungsmeldung Nr.)","PŮVOD - PLO (Herkunft)","DŘEVINA (Holz)","DÉLKA (Lang)  [m]","STŘED. TLOUŠŤKA (Durchmesser)  [cm]","SORTIMENT","ZÓNA","m3","VYVOLÁVACÍ CENA [KČ/m3]","VYVOLÁVACÍ CENA (Startpreis) [EUR/m3]","VYVOLÁVACÍ CENA ZA KS (Kč)","VYVOLÁVACÍ CENA ZA KS (Startpreis Stk) (EUR)","VÍTĚZNÁ CENA [Kč/m3]","VÍTĚZNÁ CENA ZA KS (Kč)","VÍTĚZNÁ MÍNUS VYVOLÁVACÍ","VÍTĚZNÁ CENA (gewinnender Preis) (EUR/m3)","VÍTĚZNÁ CENA ZA KS (gewinnender Preis) (EUR)","ČETNOST NABÍDEK (Häufigkeit der Angebote)"]
[1,16821,8,null,"DB",7.6,44,"A","A",0.97,8000,321,{"$f":"J3*K3","v":7760},{"$f":"J3*L3","v":311.37},12145.78,11781.4066,4145.7800000000007,487,472.39,8]
[2,16822,8,null,"DB",7,54,"B","B",1.36,7500,301,{"$f":"J4*K4","v":10200},409.36,13295,18081.2,5795,533.07939053728944,724.98797113071373,8]
[3,16823,8,null,"DB",6.5,65,"B","A",1.85,7500,301,13875,556.85,14122,26125.7,6622,566.23897353648749,1047.5421010425018,4]
[4,16824,8,null,"DB",6,48,"B","B",0.92,6000,241,5520,221.72,11397.58,10485.7736,5397.58,457,420.44,7]
[5,16825,8,null,"DB",5.5,48,"A","A",0.84,8000,321,6720,269.64,12644.58,10621.447199999999,4644.58,506.99999999999994,425.87999999999994,5]
[6,16826,8,null,"DB",4.5,39,"A","B",0.45,5500,221,2475,99.45,10150.58,4567.7610000000004,4650.58,407,183.15,7]
[7,16827,8,null,"DB",4,50,"A","A",0.67,10000,401,6700,268.67,16061.36,10761.111200000001,6061.3600000000006,644,431.48,7]
[8,16828,8,null,"DB",4,44,"II","A",0.51,10000,401,5100,204.51,13295,6780.45,3295,533.07939053728944,271.87048917401762,6]
[9,16829,8,null,"DB",3,57,"A","A",0.65,10000,401,6500,260.65000000000003,11322.76,7359.7940000000008,1322.7600000000002,454,295.10000000000002,3]
[10,16830,8,null,"DB",3,48,"II","A",0.46,10000,401,4600,184.46,19602.84,9017.3064000000013,9602.84,786,361.56,5]
[11,16831,8,null,"DB",3.1,59,"A","A",0.72,10000,401,7200,288.71999999999997,8621,6207.12,-1379,345.66960705693663,248.88211708099436,2]
[12,16832,8,null,"DB",2.5,47,"A","A",0.37,8000,321,2960,118.77,8150,3015.5,150,326.78428227746588,120.91018444266237,1]
[13,16833,8,null,"DB",3,48,"A","A",0.46,8000,321,3680,147.66,11861,5456.06,3861,475.58139534883719,218.76744186046511,4]
[14,16834,8,null,"DB",3.5,55,"II","A",0.71,12000,481,8520,341.51,14975,10632.25,2975,600.44105854049712,426.31315156375291,3]
[15,16835,8,null,"DB",3.5,53,"A","A",0.66,10000,401,6600,264.66000000000003,13295,8774.7000000000007,3295,533.07939053728944,351.83239775461107,3]
[16,16836,8,null,"DB",3.5,56,"II","A",0.73,12000,481,8760,351.13,20600.440000000002,15038.321200000002,8600.4400000000023,826,602.98,4]
[17,16837,8,null,"DB",3.4,56,"A","A",0.71,10000,401,7100,284.70999999999998,21448.400000000001,15228.364,11448.400000000001,860,610.6,3]
[18,16838,8,null,"DB",3.4,62,"A","A",0.88,10000,401,8800,352.88,17956.8,15801.983999999999,7956.7999999999993,719.99999999999989,633.59999999999991,4]
[19,16839,8,null,"DB",3.5,61,"II","A",0.87,12000,481,10440,418.46999999999997,22944.800000000003,19961.976000000002,10944.800000000003,920.00000000000011,800.40000000000009,4]
[20,16840,8,null,"DB",3,52,"II","A",0.54,12000,481,6480,259.74,15886.78,8578.8612000000012,3886.7800000000007,637,343.98,3]
[21,16841,8,null,"DB",3.3,53,"A","A",0.62,10000,401,6200,248.62,12861,7973.82,2861,515.67762630312745,319.72012830793904,4]
[22,16842,8,null,"DB",3.2,50,"II","A",0.53,12000,481,6360,254.93,19104.04,10125.141200000002,7104.0400000000009,766,405.98,5]
[23,16843,8,null,"DB",4,52,"II","A",0.72,12000,481,8640,346.32,14122,10167.84,2122,566.23897353648749,407.692060946271,5]
[24,16844,8,null,"DB",4,58,"II","A",0.9,12000,481,10800,432.90000000000003,17956.8,16161.119999999999,5956.7999999999993,719.99999999999989,647.99999999999989,9]
[25,16845,8,null,"DB",4,51,"D","C",0.69,5000,200,3449.9999999999995,138,0,0,-5000,0,0,1]
[26,16846,8,null,"DB",4,64,"II","A",1.1000000000000001,12000,481,13200.000000000002,529.1,17522,19274.2,5522,702.56615878107459,772.82277465918207,5]
[27,16847,8,null,"DB",4,52,"A","A",0.72,10000,401,7200,288.71999999999997,14975,10782,4975,600.44105854049712,432.31756214915794,8]
[28,16848,8,null,"DB",4,46,"II","A",0.56000000000000005,10000,401,5600.0000000000009,224.56000000000003,13610,7621.6,3610,545.70970328789087,305.5974338412189,7]
[29,16849,8,null,"DB",4,45,"B","B",0.54,6000,241,3240,130.14000000000001,12405,6698.7000000000007,6405,497.3937449879711,268.59262229350441,4]
[30,16850,8,null,"DB",4,47,"A","A",0.59,8000,321,4720,189.39,15238.34,8990.6206000000002,7238.34,611,360.49,8]
[31,16851,8,null,"DB",4.2,45,"A","A",0.56000000000000005,8000,321,4480,179.76000000000002,12145.78,6801.6368000000011,4145.7800000000007,487,272.72000000000003,4]
[32,16852,8,null,"DB",4,44,"A","A",0.51,8000,321,4080,163.71,13866.640000000001,7071.9864000000007,5866.6400000000012,556,283.56,8]
[33,16853,8,null,"DB",2.9,62,"II","A",0.75,12000,481,9000,360.75,30152.460000000003,22614.345000000001,18152.460000000003,1209,906.75,4]
[34,16854,7,null,"DB",4.2,43,"B","B",0.51,6000,241,3060,122.91,9726.6,4960.5660000000007,3726.6000000000004,390,198.9,2]
[35,16855,7,null,"DB",4.2,78,"B","A",1.73,7500,301,12975,520.73,10225.4,17689.941999999999,2725.3999999999996,409.99999999999994,709.29999999999984,3]
[36,16856,7,null,"DB",3.2,58,"C","C",0.72,5000,200,3600,144,3000,2160,-2000,120.28869286287089,86.607858861267033,1]
[37,16857,7,null,"JS",4,57,"A","A",0.87,3500,140,3045,121.8,8550,7438.5,5050,342.82277465918202,298.25581395348837,4]
[38,16858,7,null,"DB",3,84,"A","A",1.43,10000,401,14300,573.42999999999995,27122,38784.46,17122,1087.4899759422615,1555.1106655974338,7]
[39,16859,7,null,"DB",4.0999999999999996,65,"B","A",1.17,7500,301,8775,352.16999999999996,10225.4,11963.717999999999,2725.3999999999996,409.99999999999994,479.69999999999993,2]
[40,16860,7,null,"JS",4,50,"A","A",0.67,3500,140,2345,93.800000000000011,4738.6000000000004,3174.8620000000005,1238.6000000000004,190,127.30000000000001,4]
[41,16861,7,null,"DB",4,68,"A","A",1.25,10000,401,12500,501.25,22670.460000000003,28338.075000000004,12670.460000000003,909.00000000000011,1136.2500000000002,5]
[42,16862,7,null,"DB",4.5999999999999996,62,"B","A",1.19,7500,301,8925,358.19,10225.4,12168.225999999999,2725.3999999999996,409.99999999999994,487.89999999999992,2]
[43,16863,7,null,"JS",5.5,45,"A","A",0.74,3500,140,2590,103.6,4738.6000000000004,3506.5640000000003,1238.6000000000004,190,140.6,3]
[44,16864,7,null,"JS",5.5,46,"A","A",0.77,3500,140,2695,107.8,4738.6000000000004,3648.7220000000002,1238.6000000000004,190,146.30000000000001,3]
[45,16865,7,null,"DB",6,66,"II","A",1.76,12000,481,21120,846.56000000000006,31075.24,54692.422400000003,19075.240000000002,1246,2192.96,10]
[46,16866,7,null,"DB",5,47,"A","A",0.73,8000,321,5840,234.32999999999998,13143.380000000001,9594.6674000000003,5143.380000000001,527,384.71,5]
[47,16867,7,null,"DB",5,50,"II","A",0.83,12000,481,9960,399.22999999999996,16522,13713.26,4522,662.46992782678421,549.85004009623083,6]
[48,16868,4,null,"DB",6,82,"I","A",2.73,18000,722,49140,1971.06,35414.800000000003,96682.40400000001,17414.800000000003,1420,3876.6,7]
[49,16869,4,null,"DB",6,69,"B","A",1.93,7500,301,14475,580.92999999999995,10150.58,19590.6194,2650.58,407,785.51,3]
[50,16870,4,null,"DB",5,75,"II","A",1.9,12000,481,22800,913.9,31549.100000000002,59943.29,19549.100000000002,1265,2403.5,7]
[51,16871,4,null,"JS",4,57,"A","A",0.87,3500,140,3045,121.8,4738.6000000000004,4122.5820000000003,1238.6000000000004,190,165.3,5]
[52,16872,4,null,"JS",5,55,"A","A",1.01,3500,140,3535,141.4,4738.6000000000004,4785.9860000000008,1238.6000000000004,190,191.9,4]
[53,16873,4,null,"JS",8,54,"II","A",1.56,4500,180,7020,280.8,7881.04,12294.422399999999,3381.04,316,492.96000000000004,7]
[54,16874,4,null,"JS",8,60,"II","A",1.93,4500,180,8685,347.4,4988,9626.84,488,200,386,4]
[55,16875,4,null,"JS",7,48,"II","A",1.07,4500,180,4815,192.60000000000002,6135.2400000000007,6564.7068000000008,1635.2400000000007,246.00000000000003,263.22000000000003,6]
[56,16876,4,null,"JS",7,47,"A","A",1.03,3500,140,3605,144.20000000000002,4750,4892.5,1250,190.45709703287889,196.17080994386527,5]
[57,16877,8,null,"DB",6.6,48,"B","B",1.01,6000,241,6060,243.41,11397.58,11511.5558,5397.58,457,461.57,5]
[58,16878,8,null,"DB",6.4,45,"A","A",0.86,8000,321,6880,276.06,14066.16,12096.8976,6066.16,564,485.04,7]
[59,16879,8,null,"DB",5.6,46,"A","A",0.79,8000,321,6320,253.59,13143.380000000001,10383.270200000001,5143.380000000001,527,416.33000000000004,4]
[60,16880,8,null,"DB",5,43,"A","A",0.61,8000,321,4880,195.81,13667.12,8336.9431999999997,5667.1200000000008,548,334.28,7]
[61,16881,8,null,"DB",5.4,42,"A","A",0.63,8000,321,5040,202.23,12145.78,7651.8414000000002,4145.7800000000007,487,306.81,4]
[62,16882,8,null,"DB",4.5999999999999996,49,"II","A",0.73,10000,401,7300,292.73,14140.980000000001,10322.9154,4140.9800000000014,567,413.90999999999997,7]
[63,16883,8,null,"DB",4,51,"II","A",0.69,12000,481,8280,331.89,14975,10332.75,2975,600.44105854049712,414.30433039294297,5]
[64,16884,8,null,"DB",4.4000000000000004,54,"A","A",0.86,10000,401,8600,344.86,14290.62,12289.933200000001,4290.6200000000008,573,492.78,5]
[65,16885,4,null,"DB",8,78,"I","A",3.29,18000,722,59220,{"$f":"J67*L67","v":2375.38},37908.800000000003,124719.952,19908.800000000003,1520,5000.8,6]
[66,16886,4,null,"DB",10,59,"II","A",2.33,12000,481,{"$f":"J68*K68","v":27960},1120.73,21448.400000000001,49974.772000000004,9448.4000000000015,860,2003.8,7]
[67,16887,4,null,"DB",9,77,"I","A",3.61,18000,722,64980,2606.42,45390.8,163860.788,27390.800000000003,1820,6570.2,7]
[68,16888,4,null,"DB",9,71,"I","A",3.06,18000,722,55080,2209.3200000000002,36562.04,111879.84240000001,18562.04,1466,4485.96,7]
[69,16889,7,null,"JS",8,51,"A","A",1.39,3500,140,4865,194.6,4738.6000000000004,6586.6540000000005,1238.6000000000004,190,264.09999999999997,3]
[70,16890,7,null,"JS",11,59,"II","A",2.57,4500,180,11565,462.59999999999997,4988,12819.16,488,200,514,4]
[71,16891,7,null,"DB",7,63,"B","A",1.87,7500,301,14025,562.87,10649.380000000001,19914.340600000003,3149.380000000001,427,798.49,5]
[72,16892,1,null,"DB",10,50,"B","B",1.66,7500,301,12450,499.65999999999997,10225.4,16974.163999999997,2725.3999999999996,409.99999999999994,680.59999999999991,3]
[73,16893,1,null,"DB",4,48,"B","B",0.61,6000,241,3660,147.01,11505,7018.05,5505,461.30713712910983,281.39735364875702,5]
[74,16894,1,null,"DB",4,73,"A","A",1.44,10000,401,14400,577.43999999999994,12220.6,17597.664000000001,2220.6000000000004,490,705.6,3]
[75,16895,1,null,"DB",6,48,"II","A",0.92,10000,401,9200,368.92,15188.460000000001,13973.383200000002,5188.4600000000009,609,560.28,8]
[76,16896,1,null,"DB",7,59,"B","B",1.63,7500,301,12225,490.63,12405,20220.149999999998,4905,497.3937449879711,810.75180433039282,4]
[77,16897,1,null,"DB",8,49,"A","A",1.28,8000,321,10240,410.88,11505,14726.4,3505,461.30713712910983,590.47313552526055,6]
[78,16898,1,null,"DB",7,50,"B","B",1.17,7500,301,8775,352.16999999999996,12405,14513.849999999999,4905,497.3937449879711,581.95068163592612,4]
[79,16899,1,null,"DB",7,64,"C","B",1.93,5000,200,9650,386,7232.6,13958.918,2232.6000000000004,290,559.69999999999993,3]
[80,16900,1,null,"DB",7,44,"B","B",0.9,6000,241,5400,216.9,10175.52,9157.9680000000008,4175.5200000000004,408,367.2,3]
[81,16901,1,null,"DB",7,64,"B","A",1.93,7500,301,14475,580.92999999999995,13143.380000000001,25366.723400000003,5643.380000000001,527,1017.11,7]
[82,16902,1,null,"DB",7,46,"B","B",0.98,6000,241,5880,236.18,12405,12156.9,6405,497.3937449879711,487.44587008821168,8]
[83,16903,6,null,"JS",7,52,"A","A",1.26,3500,140,4410,176.4,4750,5985,1250,190.45709703287889,239.97594226142741,5]
[84,16904,6,null,"DB",8.5,48,"A","A",1.3,8000,321,10400,417.3,13143.380000000001,17086.394,5143.380000000001,527,685.1,4]
[85,16905,6,null,"DB",8,58,"II","A",1.8,12000,481,21600,865.80000000000007,31574.04,56833.272000000004,19574.04,1266,2278.8000000000002,12]
[86,16906,6,null,"DB",7.5,51,"II","A",1.3,12000,481,15600,625.30000000000007,14122,18358.600000000002,2122,566.23897353648749,736.11066559743381,7]
[87,16907,6,null,"DB",6.5,59,"II","A",1.52,12000,481,18240,731.12,21448.400000000001,32601.568000000003,9448.4000000000015,860,1307.2,6]
[88,16908,6,null,"JS",7,52,"A","A",1.26,3500,140,4410,176.4,4750,5985,1250,190.45709703287889,239.97594226142741,5]
[89,16909,6,null,"JS",8,50,"II","A",1.33,4500,180,5985,239.4,5110,6796.3,610,204.89174017642341,272.50601443464313,5]
[90,16910,6,null,"DB",4,54,"A","A",0.78,10000,401,7800,312.78000000000003,12610,9835.8000000000011,2610,505.61347233360061,394.3785084202085,4]
[91,16911,6,null,"TR",3.9,30,"C","C",0.26,1700,68,442,17.68,1200,312,-500,48.115477145148354,12.510024057738573,0]
[92,16912,6,null,"TR",3.9,32,"C","C",0.28999999999999998,1700,68,492.99999999999994,19.72,1200,348,-500,48.115477145148354,13.953488372093021,0]
[93,16913,6,null,"JS",5,47,"A","A",0.73,3500,140,2555,102.2,4738.6000000000004,3459.1780000000003,1238.6000000000004,190,138.69999999999999,3]
[94,16914,6,null,"DB",5,53,"A","A",0.94,10000,401,9400,376.94,13610,12793.4,3610,545.70970328789087,512.96712109061741,5]
[95,16915,6,null,"JS",5.3,49,"A","A",0.85,3500,140,2975,119,4738.6000000000004,4027.8100000000004,1238.6000000000004,190,161.5,4]
[96,16916,6,null,"DB",5,61,"II","A",1.25,12000,481,15000,601.25,20552,25690,8552,824.05773857257418,1030.0721732157176,7]
[97,16917,6,null,"DB",4,57,"II","A",0.87,12000,481,10440,418.46999999999997,14975,13028.25,2975,600.44105854049712,522.38372093023247,5]
[98,16918,6,null,"DB",3.2,61,"I","A",0.8,18000,722,14400,577.6,30576.440000000002,24461.152000000002,12576.440000000002,1226,980.80000000000007,7]
[99,16919,6,null,"DB",4.2,55,"C","C",0.85,5000,200,4250,170,7232.6,6147.71,2232.6000000000004,290,246.5,3]
[100,16920,6,null,"DB",3.1,51,"II","A",0.54,12000,481,6480,259.74,21348.639999999999,11528.265600000001,9348.64,855.99999999999989,462.23999999999995,4]
[101,16921,6,null,"DB",3.5,45,"A","A",0.47,8000,321,3760,150.87,12405,5830.3499999999995,4405,497.3937449879711,233.77506014434641,2]
[102,16922,6,null,"DB",3.5,61,"A","A",0.87,10000,401,8700,348.87,23094.440000000002,20092.162800000002,13094.440000000002,926,805.62,3]
[103,16923,10,null,"DB",3,68,"II","A",0.93,12000,481,11160,447.33000000000004,19453.2,18091.476000000002,7453.2000000000007,780,725.40000000000009,4]
[104,16924,10,null,"DB",5.9,62,"D","C",1.52,5000,200,7600,304,7232.6,10993.552000000001,2232.6000000000004,290,440.8,2]
[105,16925,10,null,"DB",8.9,42,"B","B",1.04,6000,241,6240,250.64000000000001,12145.78,12631.611200000001,6145.7800000000007,487,506.48,2]
[106,16926,10,null,"JS",3,61,"A","A",0.75,3500,140,2625,105,5110,3832.5,1610,204.89174017642341,153.66880513231757,3]
[107,16927,10,null,"JS",6.9,50,"B","B",1.1499999999999999,3000,120,3449.9999999999995,138,4489.2,5162.579999999999,1489.1999999999998,179.99999999999997,206.99999999999994,3]
[108,16928,10,null,"JS",8,72,"C","B",2.8,2300,92,6440,257.59999999999997,4239.8,11871.44,1939.8000000000002,170,475.99999999999994,2]
[109,16929,10,null,"JS",4.5,54,"B","B",0.88,3000,120,2640,105.6,4489.2,3950.4959999999996,1489.1999999999998,179.99999999999997,158.39999999999998,3]
[110,16930,10,null,"JS",5,71,"A","A",1.7,3500,140,5950,238,4738.6000000000004,8055.6200000000008,1238.6000000000004,190,323,4]
[111,16931,10,null,"JS",5,64,"B","A",1.38,3000,120,4140,165.6,4489.2,6195.0959999999995,1489.1999999999998,179.99999999999997,248.39999999999995,2]
[112,16932,10,null,"DB",8,46,"II","A",1.1200000000000001,10000,401,11200.000000000002,449.12000000000006,13295,14890.400000000001,3295,533.07939053728944,597.04891740176424,8]
[113,16933,11,null,"DB",5.5,60,"A","A",1.33,10000,401,13300,533.33000000000004,23593.24,31379.009200000004,13593.240000000002,946,1258.18,9]
[114,16934,11,null,"DB",5,66,"B","A",1.47,7500,301,11025,442.46999999999997,13122,19289.34,5622,526.14274258219723,773.42983159582991,6]
[115,16935,11,null,"DB",5.5,84,"B","A",2.63,7500,301,19725,791.63,8861,23304.43,1361,355.29270248596629,934.41980753809128,1]
[116,16936,11,null,"DB",6,59,"II","A",1.4,12000,481,16800,673.4,22944.800000000003,32122.720000000001,10944.800000000003,920.00000000000011,1288,8]
[117,16937,11,null,"DB",3.5,71,"B","A",1.19,7500,301,8925,358.19,8579.36,10209.438400000001,1079.3600000000006,344,409.35999999999996,2]
[118,16938,11,null,"DB",5,81,"B","A",2.2200000000000002,7500,301,16650,668.22,10150.58,22534.287600000003,2650.58,407,903.54000000000008,1]
[119,16939,11,null,"DB",5,71,"A","A",1.7,10000,401,17000,681.69999999999993,23942.400000000001,40702.080000000002,13942.400000000001,960,1632,5]
[120,16940,11,null,"DB",4.5,57,"B","B",0.98,7500,301,7350,294.98,17083.900000000001,16742.222000000002,9583.9000000000015,685,671.3,4]
[121,16941,11,null,"DB",5,51,"A","A",0.87,10000,401,8700,348.87,12220.6,10631.922,2220.6000000000004,490,426.3,3]
[122,16942,11,null,"DB",6.5,60,"A","A",1.57,10000,401,15700,629.57000000000005,13891.58,21809.780600000002,3891.58,557,874.49,7]
[123,16943,11,null,"DB",2.5,50,"II","A",0.42,12000,481,5040,202.01999999999998,8150,3423,-3850,326.78428227746588,137.24939855653565,2]
[124,16944,11,null,"DB",6,62,"A","A",1.55,10000,401,15500,621.55000000000007,11397.58,17666.249,1397.58,457,708.35,2]
[125,16945,11,null,"DB",5,57,"A","A",1.0900000000000001,10000,401,10900,437.09000000000003,8750,9537.5,-1250,350.84202085004006,382.4178027265437,2]
[126,16946,11,null,"DB",3,46,"A","A",0.42,8000,321,3360,134.82,12110,5086.2,4110,485.56535685645548,203.93744987971129,4]
[127,16947,11,null,"DB",3,64,"II","A",0.83,12000,481,9960,399.22999999999996,20500.68,17015.564399999999,8500.68,822,682.26,3]
[128,16948,11,null,"DB",4,73,"I","A",1.44,18000,722,25920,1039.68,34566.840000000004,49776.249600000003,16566.840000000004,1386,1995.84,7]
[129,16949,11,null,"DB",4.5,74,"C","B",1.66,5000,200,8300,{"$f":"J131*L131","v":332},10122,16802.52,5122,405.85404971932638,673.71772253408176,3]
[130,16950,11,null,"DB",3.1,55,"A","A",0.63,10000,401,{"$f":"J132*K132","v":6300},252.63,11610,7314.3,1610,465.51724137931035,293.27586206896552,3]
[131,16951,11,null,"DB",3,51,"A","A",0.52,10000,401,5200,208.52,17857.04,9285.6608000000015,7857.0400000000009,716,372.32,7]
[132,16952,11,null,"DB",4.5,56,"A","A",0.94,10000,401,9400,376.94,14140.980000000001,13292.521200000001,4140.9800000000014,567,532.98,5]
[133,16953,11,null,"DB",3.5,58,"II","A",0.79,12000,481,9480,379.99,14975,11830.25,2975,600.44105854049712,474.34843624699278,3]
[134,16954,11,null,"DB",4.5,52,"A","A",0.81,10000,401,8100.0000000000009,324.81,12220.6,9898.6860000000015,2220.6000000000004,490,396.90000000000003,2]
[135,16955,11,null,"DB",4.5,56,"II","A",0.94,12000,481,11280,452.14,15138.58,14230.2652,3138.58,607,570.57999999999993,7]
[136,16956,11,null,"DB",3,53,"A","A",0.56000000000000005,10000,401,5600.0000000000009,224.56000000000003,13841.7,7751.3520000000008,3841.7000000000007,555,310.8,6]
[137,16957,11,null,"DB",4,56,"II","A",0.84,12000,481,10080,404.03999999999996,16522,13878.48,4522,662.46992782678421,556.47473937449877,7]
[138,16958,9,null,"JS",8,75,"II","A",3.04,4500,180,13680,547.20000000000005,4988,15163.52,488,200,608,4]
[139,16959,9,null,"JS",5,64,"A","A",1.38,3500,140,4830,193.2,4738.6000000000004,6539.268,1238.6000000000004,190,262.2,3]
[140,16960,9,null,"JS",4,77,"II","A",1.6,4500,180,7200,288,4988,7980.8,488,200,320,4]
[141,16961,1,null,"DB",9,45,"A","A",1.21,8000,321,9680,388.40999999999997,12644.58,15299.941799999999,4644.58,506.99999999999994,613.46999999999991,5]
[142,16962,1,null,"DB",10,48,"A","A",1.53,8000,321,12240,491.13,12644.58,19346.207399999999,4644.58,506.99999999999994,775.70999999999992,4]
[143,16963,6,null,"JS",11.5,47,"II","A",1.69,4500,180,7605,304.2,4988,8429.7199999999993,488,200,338,3]
[144,16964,6,null,"JS",10,49,"II","A",1.6,4500,180,7200,288,4988,7980.8,488,200,320,3]
[145,16965,6,null,"JS",8.5,47,"C","C",1.25,2300,92,2875,115,4239.8,5299.75,1939.8000000000002,170,212.5,3]
[146,16966,6,null,"JS",10,55,"II","A",2.02,4500,180,9090,363.6,4988,10075.76,488,200,404,4]
[147,16967,9,null,"JS",12,47,"A","A",1.76,3500,140,6160,246.4,4738.6000000000004,8339.9360000000015,1238.6000000000004,190,334.4,3]
[148,16968,9,null,"JS",12,57,"A","A",2.61,3500,140,9135,365.4,4738.6000000000004,12367.746000000001,1238.6000000000004,190,495.9,3]
[149,16969,9,null,"JS",12,52,"A","A",2.16,3500,140,7560.0000000000009,302.40000000000003,4738.6000000000004,10235.376000000002,1238.6000000000004,190,410.40000000000003,3]
[150,16970,9,null,"JS",11,66,"B","A",3.23,3000,120,9690,387.6,4489.2,14500.116,1489.1999999999998,179.99999999999997,581.39999999999986,3]
[151,16971,9,null,"JS",11,66,"A","A",3.23,3500,140,11305,452.2,4738.6000000000004,15305.678000000002,1238.6000000000004,190,613.70000000000005,3]
[152,16972,9,null,"JS",12,49,"A","A",1.92,3500,140,6720,268.8,4750,9120,1250,190.45709703287889,365.67762630312745,3]
[153,16973,9,null,"JS",12,47,"B","B",1.76,3000,120,5280,211.2,4489.2,7900.9919999999993,1489.1999999999998,179.99999999999997,316.79999999999995,3]
[154,16974,9,null,"JS",12,53,"A","A",2.25,3500,140,7875,315,4738.6000000000004,10661.85,1238.6000000000004,190,427.5,3]
[155,16975,10,null,"DB",6,39,"A","B",0.6,5500,221,3300,132.6,10150.58,6090.348,4650.58,407,244.2,4]
[156,16976,10,null,"DB",5,36,"A","B",0.42,5500,221,2310,92.82,10150.58,4263.2435999999998,4650.58,407,170.94,6]
[157,16977,10,null,"DB",4.9000000000000004,38,"A","B",0.46,5500,221,2530,101.66000000000001,11397.58,5242.8868000000002,5897.58,457,210.22,5]
[158,16978,10,null,"DB",5,43,"A","A",0.61,8000,321,4880,195.81,12644.58,7713.1938,4644.58,506.99999999999994,309.27,6]
[159,16979,10,null,"DB",3.9,44,"B","B",0.5,6000,241,3000,120.5,8504.5400000000009,4252.2700000000004,2504.5400000000009,341,170.5,1]
[160,16980,10,null,"DB",4,42,"A","A",0.47,8000,321,3760,150.87,11472.400000000001,5392.0280000000002,3472.4000000000015,460.00000000000006,216.20000000000002,3]
[161,16981,10,null,"DB",4,44,"B","B",0.51,6000,241,3060,122.91,11505,5867.55,5505,461.30713712910983,235.26663993584603,5]
[162,16982,10,null,"DB",4,43,"II","A",0.49,10000,401,4900,196.49,12405,6078.45,2405,497.3937449879711,243.72293504410584,5]
[163,16983,10,null,"DB",4,39,"A","B",0.4,5500,221,2200,88.4,9725,3890,4225,389.9358460304731,155.97433841218924,3]
[164,16984,10,null,"DB",4,65,"II","A",1.1399999999999999,12000,481,13679.999999999998,548.33999999999992,12719.400000000001,14500.116,719.40000000000146,510.00000000000006,581.4,2]
[165,16985,10,null,"JS",5,53,"II","A",0.94,4500,180,4230,169.2,4988,4688.7199999999993,488,200,188,4]
[166,16986,10,null,"JS",8,58,"II","A",1.8,4500,180,8100,324,4988,8978.4,488,200,360,4]
[167,16987,10,null,"JS",3.9,68,"A","A",1.22,3500,140,4270,170.79999999999998,4738.6000000000004,5781.0920000000006,1238.6000000000004,190,231.79999999999998,2]
[168,16988,10,null,"DB",5,41,"II","A",0.55000000000000004,10000,401,5500,220.55,13816.76,7599.2180000000008,3816.76,554,304.70000000000005,4]
[169,16989,10,null,"JS",6,43,"II","A",0.73,4500,180,3285,131.4,4988,3641.24,488,200,146,4]
[170,16990,10,null,"DB",7,71,"B","A",2.38,7500,301,17850,716.38,10225.4,24336.451999999997,2725.3999999999996,409.99999999999994,975.79999999999984,3]
[171,16991,11,null,"DB",3.5,55,"I","A",0.71,18000,722,12780,512.62,8550,"NEPRODÁNO",-9450,342.82277465918202,"NEPRODÁNO",1]
[172,16992,11,null,"DB",5,63,"II","A",1.33,12000,481,15960,639.73,19453.2,25872.756000000001,7453.2000000000007,780,1037.4000000000001,7]
[173,16993,11,null,"DB",4,62,"II","A",1.03,12000,481,12360,495.43,32047.9,33009.337,20047.900000000001,1285,1323.55,9]
[174,16994,11,null,"DB",4.5,49,"II","A",0.72,10000,401,7200,288.71999999999997,16161.12,11636.0064,6161.1200000000008,648,466.56,9]
[175,16995,11,null,"DB",6,59,"C","C",1.4,5000,200,7000,280,20450.8,28631.119999999999,15450.8,819.99999999999989,1147.9999999999998,6]
[176,16996,11,null,"DB",6,67,"II","A",1.81,12000,481,21720,870.61,35414.800000000003,64100.788000000008,23414.800000000003,1420,2570.2000000000003,11]
[177,16997,11,null,"DB",6,43,"A","A",0.73,8000,321,5840,234.32999999999998,13143.380000000001,9594.6674000000003,5143.380000000001,527,384.71,6]
[178,16998,11,null,"DB",6,48,"II","A",0.92,10000,401,9200,368.92,13891.58,12780.2536,3891.58,557,512.44000000000005,7]
[179,16999,11,null,"DB",5.5,62,"B","A",1.42,7500,301,10650,427.41999999999996,12145.78,17247.007600000001,4645.7800000000007,487,691.54,4]
[180,17000,11,null,"DB",5,71,"II","A",1.7,12000,481,20400,817.69999999999993,20552,34938.400000000001,8552,824.05773857257418,1400.898155573376,7]
[181,17001,11,null,"DB",9,52,"II","A",1.62,12000,481,19440,779.22,13891.58,22504.3596,1891.58,557,902.34,6]
[182,17002,11,null,"DB",6,63,"C","B",1.6,5000,200,8000,320,12122,19395.2,7122,486.04651162790697,777.67441860465124,4]
[183,17003,11,null,"DB",7,68,"B","A",2.1800000000000002,7500,301,16350.000000000002,656.18000000000006,11073.36,24139.924800000004,3573.3600000000006,444,967.92000000000007,3]
[184,17004,11,null,"DB",8.5,65,"II","A",2.42,12000,481,29040,1164.02,31574.04,76409.176800000001,19574.04,1266,3063.72,7]
[185,17005,11,null,"DB",6,78,"B","A",2.4700000000000002,7500,301,18525,743.47,20450.8,50513.476000000002,12950.8,819.99999999999989,2025.3999999999999,6]
[186,17006,11,null,"DB",7.5,81,"I","A",3.33,18000,722,59940,2404.2600000000002,33319.840000000004,110955.06720000002,15319.840000000004,1336,4448.88,7]
[187,17007,11,null,"DB",4,70,"II","A",1.32,12000,481,15840,634.92000000000007,17552,23168.639999999999,5552,703.76904570970328,928.97514033680841,3]
[188,17008,11,null,"DB",4,45,"II","A",0.54,10000,401,5400,216.54000000000002,14390.380000000001,7770.8052000000007,4390.380000000001,577,311.58000000000004,7]
[189,17009,11,null,"DB",4.5,46,"II","A",0.63,10000,401,6300,252.63,14515.08,9144.5004000000008,4515.08,582,366.66,7]
[190,17010,11,null,"DB",4,72,"A","A",1.4,10000,401,14000,561.4,24067.100000000002,33693.94,14067.100000000002,965,1351,7]
[191,17011,11,null,"DB",4,45,"II","A",0.54,10000,401,5400,216.54000000000002,17682.46,9548.5284000000011,7682.4599999999991,708.99999999999989,382.85999999999996,6]
[192,17012,11,null,"DB",6,46,"A","A",0.84,8000,321,6720,269.64,13966.400000000001,11731.776000000002,5966.4000000000015,560,470.4,6]
[193,17013,13,null,"DB",6.5,48,"II","A",1,10000,401,10000,{"$f":"J195*L195","v":401},15836.900000000001,15836.900000000001,5836.9000000000015,635,635,5]
[194,17014,13,null,"DB",5,49,"II","A",0.8,10000,401,{"$f":"J196*K196","v":8000},320.8,19602.84,15682.272000000001,9602.84,786,628.80000000000007,5]
[195,17015,13,null,"DB",6.2,45,"A","A",0.83,8000,321,6640,266.43,13392.78,11116.0074,5392.7800000000007,537,445.71,5]
[196,17016,13,null,"DB",7.3,45,"A","A",0.98,8000,321,7840,314.58,13143.380000000001,12880.512400000001,5143.380000000001,527,516.46,4]
[197,17017,14,null,"DB",3,38,"A","B",0.28000000000000003,5500,221,1540.0000000000002,61.88,5561,1557.0800000000002,61,222.97514033680832,62.433039294306333,2]
[198,17018,14,null,"DB",3,45,"A","A",0.4,8000,321,3200,128.4,8250,3300,250,330.79390537289493,132.31756214915796,2]
[199,17019,14,null,"DB",3,47,"II","A",0.44,10000,401,4400,176.44,8661,3810.84,-1339,347.27345629510825,152.80032076984762,2]
[200,17020,14,null,"DB",2.9,51,"II","A",0.5,12000,481,6000,240.5,13161,6580.5,1161,527.70649558941454,263.85324779470727,3]
[201,17021,14,null,"DB",3,41,"II","A",0.33,10000,401,3300,132.33000000000001,8661,2858.13,-1339,347.27345629510825,114.60024057738573,2]
[202,17022,14,null,"DB",4,42,"A","A",0.47,8000,321,3760,150.87,13295,6248.65,5295,533.07939053728944,250.54731355252602,7]
[203,17023,14,null,"DB",4,45,"II","A",0.54,10000,401,5400,216.54000000000002,13610,7349.4000000000005,3610,545.70970328789087,294.68323977546112,5]
[204,17024,14,null,"DB",4,49,"B","B",0.64,6000,241,3840,154.24,13295,8508.7999999999993,7295,533.07939053728944,341.17080994386527,6]
[205,17025,14,null,"DB",4,43,"II","A",0.49,10000,401,4900,196.49,13916.52,6819.0947999999999,3916.5200000000004,558,273.42,7]
[206,17026,14,null,"DB",4,52,"II","A",0.72,12000,481,8640,346.32,16522,11895.84,4522,662.46992782678421,476.97834803528463,9]
[207,17027,14,null,"DB",4,43,"A","A",0.49,8000,321,3920,157.29,12405,6078.45,4405,497.3937449879711,243.72293504410584,5]
[208,17028,14,null,"DB",4,49,"II","A",0.64,10000,401,6400,256.64,13122,8398.08,3122,526.14274258219723,336.73135525260625,6]
[209,17029,14,null,"DB",3,41,"A","A",0.33,8000,321,2640,105.93,8250,2722.5,250,330.79390537289493,109.16198877305533,2]
[210,17030,14,null,"DB",3,48,"A","A",0.46,8000,321,3680,147.66,8250,3795,250,330.79390537289493,152.16519647153169,1]
[211,17031,14,null,"DB",3,42,"A","A",0.35,8000,321,2800,112.35,9352.5,3273.375,1352.5,375,131.25,2]
[212,17032,14,null,"DB",3,45,"A","A",0.4,8000,321,3200,128.4,11048.42,4419.3680000000004,3048.42,443,177.20000000000002,3]
[213,17033,14,null,"DB",3,41,"B","B",0.33,6000,241,1980,79.53,3950,1303.5,-2050,158.38011226944667,52.265437048917406,1]
[214,17034,14,null,"DB",4,51,"A","A",0.69,10000,401,6899.9999999999991,276.69,14975,10332.75,4975,600.44105854049712,414.30433039294297,8]
[215,17035,14,null,"DB",4,47,"A","A",0.59,8000,321,4720,189.39,13295,7844.0499999999993,5295,533.07939053728944,314.51684041700076,7]
[216,17036,14,null,"DB",4,44,"II","A",0.51,10000,401,5100,204.51,13610,6941.1,3610,545.70970328789087,278.31194867682433,6]
[217,17037,14,null,"DB",4,54,"A","A",0.78,10000,401,7800,312.78000000000003,13110,10225.800000000001,3110,525.6615878107458,410.01603849238171,4]
[218,17038,14,null,"DB",4,47,"A","A",0.59,8000,321,4720,189.39,13766.880000000001,8122.4592000000002,5766.880000000001,552,325.68,6]
[219,17039,17,null,"DB",4,57,"A","A",0.87,10000,401,8700,348.87,17956.8,15622.415999999999,7956.7999999999993,719.99999999999989,626.39999999999986,9]
[220,17040,17,null,"DB",8,49,"A","A",1.28,8000,321,10240,410.88,13891.58,17781.222399999999,5891.58,557,712.96,7]
[221,17041,17,null,"DB",8,48,"A","A",1.22,8000,321,9760,391.62,13891.58,16947.727599999998,5891.58,557,679.54,7]
[222,17042,17,null,"DB",9,46,"A","A",1.26,8000,321,10080,404.46,14215.800000000001,17911.908000000003,6215.8000000000011,570,718.2,9]
[223,17043,17,null,"DB",8,45,"A","A",1.07,8000,321,8560,343.47,13392.78,14330.274600000001,5392.7800000000007,537,574.59,7]
[224,17044,17,null,"DB",6,45,"A","A",0.8,8000,321,6400,256.8,12644.58,10115.664000000001,4644.58,506.99999999999994,405.59999999999997,4]
[225,17045,17,null,"DB",6,44,"A","A",0.77,8000,321,6160,247.17000000000002,13143.380000000001,10120.402600000001,5143.380000000001,527,405.79,7]
[226,17046,17,null,"DB",5,45,"B","B",0.67,6000,241,4020.0000000000005,161.47,10150.58,6800.8886000000002,4150.58,407,272.69,5]
[227,17047,17,null,"DB",5,42,"A","A",0.57999999999999996,8000,321,4640,186.17999999999998,11472.400000000001,6653.9920000000002,3472.4000000000015,460.00000000000006,266.8,6]
[228,17048,17,null,"DB",8,43,"II","A",0.98,10000,401,9800,392.98,14140.980000000001,13858.160400000001,4140.9800000000014,567,555.66,8]
[229,17049,17,null,"DB",4,52,"A","A",0.72,10000,401,7200,288.71999999999997,13110,9439.1999999999989,3110,525.6615878107458,378.47634322373699,7]
[230,17050,17,null,"DB",3,52,"A","A",0.54,10000,401,5400,216.54000000000002,14975,8086.5000000000009,4975,600.44105854049712,324.23817161186849,5]
[231,17051,17,null,"DB",3,47,"A","A",0.44,8000,321,3520,141.24,11110,4888.3999999999996,3110,445.46912590216516,196.00641539695266,4]
[232,17052,17,null,"DB",3,49,"II","A",0.48,10000,401,4800,192.48,13295,6381.5999999999995,3295,533.07939053728944,255.87810745789892,5]
[233,17053,17,null,"DB",3,44,"A","A",0.38,8000,321,3040,121.98,11110,4221.8,3110,445.46912590216516,169.27826784282277,4]
[234,17054,17,null,"DB",3,43,"A","A",0.37,8000,321,2960,118.77,12110,4480.7,4110,485.56535685645548,179.65918203688852,3]
[235,17055,17,null,"DB",5,41,"A","A",0.55000000000000004,8000,321,4400,176.55,13392.78,7366.0290000000014,5392.7800000000007,537,295.35000000000002,5]
[236,17056,17,null,"DB",4,47,"II","A",0.59,10000,401,5900,236.58999999999997,15836.900000000001,9343.7710000000006,5836.9000000000015,635,374.65,6]
[237,17057,17,null,"DB",5,42,"A","A",0.57999999999999996,8000,321,4640,186.17999999999998,12145.78,7044.5523999999996,4145.7800000000007,487,282.45999999999998,5]
[238,17058,17,null,"DB",4,45,"A","A",0.54,8000,321,4320,173.34,12610,6809.4000000000005,4610,505.61347233360061,273.03127506014437,4]
[239,17059,17,null,"DB",4,43,"A","A",0.49,8000,321,3920,157.29,13295,6514.55,5295,533.07939053728944,261.20890136327182,6]
[240,17060,17,null,"DB",4,47,"A","A",0.59,8000,321,4720,189.39,13110,7734.9,5110,525.6615878107458,310.14033680834001,4]
[241,17061,13,null,"DB",6,48,"II","A",0.92,10000,401,9200,368.92,13891.58,12780.2536,3891.58,557,512.44000000000005,7]
[242,17062,13,null,"DB",6.9,52,"II","A",1.24,12000,481,14880,596.43999999999994,16522,20487.28,4522,662.46992782678421,821.46271050521239,7]
[243,17063,13,null,"DB",10,40,"A","A",1.05,8000,321,8400,337.05,13891.58,14586.159,5891.58,557,584.85,9]
[244,17064,13,null,"DB",10.199999999999999,40,"A","A",1.07,8000,321,8560,343.47,13392.78,14330.274600000001,5392.7800000000007,537,574.59,5]
[245,17065,13,null,"DB",10,48,"C","C",1.53,4000,160,6120,244.8,14465.2,22131.756000000001,10465.200000000001,580,887.4,5]
[246,17066,13,null,"DB",9,39,"A","B",0.9,5500,221,4950,198.9,8729,7856.1,3229,350,315,5]
[247,17067,13,null,"DB",9.3000000000000007,42,"A","A",1.08,8000,321,8640,346.68,13392.78,14464.202400000002,5392.7800000000007,537,579.96,5]
[248,17068,13,null,"DB",9.3000000000000007,46,"A","A",1.3,8000,321,10400,417.3,13392.78,17410.614000000001,5392.7800000000007,537,698.1,5]
[249,17069,13,null,"DB",8.3000000000000007,49,"II","A",1.33,10000,401,13300,533.33000000000004,14390.380000000001,19139.205400000003,4390.380000000001,577,767.41000000000008,7]
[250,17070,13,null,"DB",7.4,54,"A","A",1.44,10000,401,14400,577.43999999999994,14140.980000000001,20363.011200000001,4140.9800000000014,567,816.48,6]
[251,17071,13,null,"DB",8.3000000000000007,53,"A","A",1.56,10000,401,15600,625.56000000000006,12644.58,19725.5448,2644.58,506.99999999999994,790.92,7]
[252,17072,13,null,"DB",8.1999999999999993,55,"II","A",1.66,12000,481,19920,798.45999999999992,16522,27426.52,4522,662.46992782678421,1099.7000801924617,6]
[253,17073,13,null,"DB",8.9,40,"A","A",0.94,8000,321,7520,301.74,13392.78,12589.2132,5392.7800000000007,537,504.78,6]
[254,17074,14,null,"DB",4,44,"II","A",0.51,10000,401,5100,204.51,13295,6780.45,3295,533.07939053728944,271.87048917401762,4]
[255,17075,14,null,"DB",4,54,"II","A",0.78,12000,481,9360,375.18,16522,12887.16,4522,662.46992782678421,516.7265437048917,7]
[256,17076,14,null,"DB",3.5,59,"II","A",0.82,12000,481,9840,394.41999999999996,23992.280000000002,19673.669600000001,11992.280000000002,962,788.83999999999992,6]
[257,17077,14,null,"DB",4,44,"A","A",0.51,8000,321,4080,{"$f":"J259*L259","v":163.71},13295,6780.45,5295,533.07939053728944,271.87048917401762,6]
[258,17078,14,null,"DB",4,37,"B","C",0.36,4500,180,{"$f":"J260*K260","v":1620},64.8,11505,4141.8,7005,461.30713712910983,166.07056936647953,4]
[259,17079,14,null,"DB",4,43,"II","A",0.49,10000,401,4900,196.49,13295,6514.55,3295,533.07939053728944,261.20890136327182,6]
[260,17080,14,null,"DB",4,46,"A","A",0.56000000000000005,8000,321,4480,179.76000000000002,11472.400000000001,6424.5440000000017,3472.4000000000015,460.00000000000006,257.60000000000008,4]
[261,17081,14,null,"DB",4,47,"II","A",0.59,10000,401,5900,236.58999999999997,13610,8029.9,3610,545.70970328789087,321.96872493985558,5]
[262,17082,14,null,"DB",4,51,"A","A",0.69,10000,401,6899.9999999999991,276.69,14610,10080.9,4610,585.80593424218125,404.20609462710502,8]
[263,17083,17,null,"DB",3.2,44,"A","A",0.41,8000,321,3280,131.60999999999999,9103.1,3732.2709999999997,1103.1000000000004,365,149.64999999999998,2]
[264,17084,17,null,"DB",3,51,"A","A",0.52,10000,401,5200,208.52,9500,4940,-500,380.91419406575778,198.07538091419406,3]
[265,17085,17,null,"DB",3,38,"A","B",0.28000000000000003,5500,221,1540.0000000000002,61.88,6359.7000000000007,1780.7160000000003,859.70000000000073,255.00000000000003,71.40000000000002,3]
[266,17086,17,null,"DB",4,45,"II","A",0.54,10000,401,5400,216.54000000000002,13610,7349.4000000000005,3610,545.70970328789087,294.68323977546112,6]
[267,17087,17,null,"DB",4,44,"A","A",0.51,8000,321,4080,163.71,13295,6780.45,5295,533.07939053728944,271.87048917401762,6]
[268,17088,17,null,"DB",5,44,"II","A",0.64,10000,401,6400,256.64,13610,8710.4,3610,545.70970328789087,349.25421010425015,6]
[269,17089,17,null,"DB",5,41,"II","A",0.55000000000000004,10000,401,5500,220.55,12644.58,6954.5190000000002,2644.58,506.99999999999994,278.84999999999997,7]
[270,17090,17,null,"DB",10,43,"A","A",1.22,8000,321,9760,391.62,13392.78,16339.1916,5392.7800000000007,537,655.14,5]
[271,17091,17,null,"DB",3,40,"B","B",0.32,6000,241,1920,77.12,9676.7200000000012,3096.5504000000005,3676.7200000000012,388,124.16,3]
[272,17092,17,null,"DB",6,47,"B","B",0.88,6000,241,5280,212.08,11397.58,10029.8704,5397.58,457,402.16,5]
[273,17093,17,null,"DB",3,40,"A","A",0.32,8000,321,2560,102.72,8510,2723.2000000000003,510,341.2189254210104,109.19005613472333,4]
[274,17094,17,null,"DB",2.9,43,"A","A",0.35,8000,321,2800,112.35,11110,3888.4999999999995,3110,445.46912590216516,155.91419406575778,2]
[275,17095,17,null,"DB",3,42,"A","A",0.35,8000,321,2800,112.35,9110,3188.5,1110,365.27666399358458,127.8468323977546,2]
[276,17096,17,null,"DB",3,46,"A","A",0.42,8000,321,3360,134.82,12744.34,5352.6228000000001,4744.34,511,214.62,5]
[277,17097,17,null,"DB",3,42,"II","A",0.35,10000,401,3500,140.35,14091.1,4931.8850000000002,4091.1000000000004,565,197.75,6]
[278,17098,18,null,"MD",12,48,"II","A",1.81,7000,281,12670,508.61,8778.880000000001,15889.772800000002,1778.880000000001,352,637.12,2]
[279,17099,18,null,"MD",12,44,"A","A",1.52,5500,221,8360,335.92,8305.02,12623.6304,2805.0200000000004,333,506.16,2]
[280,17100,18,null,"MD",12,46,"A","A",1.66,5500,221,9130,366.85999999999996,7781.2800000000007,12916.924800000001,2281.2800000000007,312,517.91999999999996,2]
[281,17101,18,null,"MD",12,44,"A","A",1.52,5500,221,8360,335.92,8529.48,12964.809599999999,3029.4799999999996,341.99999999999994,519.83999999999992,2]
[282,17102,18,null,"MD",12,44,"A","A",1.52,5500,221,8360,335.92,6681,10155.120000000001,1181,267.88291900561347,407.18203688853248,2]
[283,17103,18,null,"MD",12,57,"II","A",2.56,7000,281,17920,719.36,9028.2800000000007,23112.396800000002,2028.2800000000007,362,926.72,2]
[284,17104,18,null,"MD",12,53,"A","A",2.21,5500,221,12155,488.40999999999997,8481,18743.009999999998,2981,340.05613472333602,751.52405773857254,2]
[285,17105,18,null,"MD",12,57,"II","A",2.56,7000,281,17920,719.36,12881,32975.360000000001,5881,516.47955092221332,1322.1876503608662,2]
[286,17106,18,null,"MD",12,45,"A","A",1.59,5500,221,8745,351.39000000000004,6261,9954.99,761,251.04250200481152,399.15757818765036,2]
[287,17107,18,null,"MD",12,53,"A","A",2.21,5500,221,12155,488.40999999999997,8681,19185.009999999998,3181,348.07538091419406,769.24659182036885,2]
[288,17108,18,null,"MD",12,50,"A","A",1.97,5500,221,10835,435.37,8861,17456.169999999998,3361,355.29270248596629,699.92662389735358,2]
[289,17109,18,null,"MD",12,45,"A","A",1.59,5500,221,8745,351.39000000000004,8778.880000000001,13958.419200000002,3278.880000000001,352,559.68000000000006,2]
[290,17110,18,null,"MD",12,45,"B","B",1.59,4000,160,6360,254.4,5661,9000.99,1661,226.98476343223737,360.90577385725743,1]
[291,17111,18,null,"MD",12,43,"A","A",1.45,5500,221,7975,320.45,6484.4000000000005,9402.380000000001,984.40000000000055,260,377,2]
[292,17112,23,null,"MD",12,64,"A","A",3.23,5500,221,17765,713.83,7861,25391.03,2361,315.19647153167602,1018.0846030473135,2]
[293,17113,23,null,"MD",9,56,"A","A",1.85,5500,221,10175,408.85,6484.4000000000005,11996.140000000001,984.40000000000055,260,481,2]
[294,17114,23,null,"MD",8,51,"A","A",1.36,5500,221,7480.0000000000009,300.56,6461,8786.9600000000009,961,259.06174819566957,352.32397754611065,1]
[295,17115,23,null,"MD",6,68,"II","A",1.82,7000,281,12740,511.42,13442.66,24465.641200000002,6442.66,539,980.98,2]
[296,17116,23,null,"MD",9,59,"B","B",2.06,4000,160,8240,329.6,5736.2000000000007,11816.572000000002,1736.2000000000007,230.00000000000003,473.80000000000007,2]
[297,17117,23,null,"MD",7,53,"II","A",1.29,7000,281,9030,362.49,8030.68,10359.577200000002,1030.6800000000003,322,415.38,2]
[298,17118,23,null,"MD",8,57,"II","A",1.71,7000,281,11970,480.51,8030.68,13732.462799999999,1030.6800000000003,322,550.62,2]
[299,17119,23,null,"MD",10,54,"A","A",1.91,5500,221,10505,422.10999999999996,6484.4000000000005,12385.204,984.40000000000055,260,496.59999999999997,2]
[300,17120,23,null,"MD",12,53,"A","A",2.21,5500,221,12155,488.40999999999997,8778.880000000001,19401.324800000002,3278.880000000001,352,777.92,2]
[301,17121,23,null,"MD",12,45,"A","A",1.59,5500,221,8745,351.39000000000004,6783.68,10786.051200000002,1283.6800000000003,272,432.48,2]
[302,17122,23,null,"MD",12,55,"A","A",2.38,5500,221,13090,525.98,9861,23469.18,4361,395.38893344025661,941.02566158781065,2]
[303,17123,23,null,"MD",12,57,"II","A",2.56,7000,281,17920,719.36,9527.08,24389.324799999999,2527.08,382,977.92000000000007,2]
[304,17124,24,null,"DB",12,52,"A","A",2.16,10000,401,21600,866.16000000000008,12644.58,27312.292800000003,2644.58,506.99999999999994,1095.1199999999999,7]
[305,17125,24,null,"DB",7.5,61,"B","A",1.87,7500,301,14025,562.87,13295,24861.65,5795,533.07939053728944,996.85846030473135,8]
[306,17126,24,null,"DB",8,54,"B","B",1.56,7500,301,11700,469.56,10225.4,15951.624,2725.3999999999996,409.99999999999994,639.59999999999991,5]
[307,17127,24,null,"DB",10.5,65,"A","A",2.98,10000,401,29800,1194.98,12220.6,36417.387999999999,2220.6000000000004,490,1460.2,4]
[308,17128,24,null,"DB",10,74,"A","A",3.7,10000,401,37000,1483.7,20552,76042.400000000009,10552,824.05773857257418,3049.0136327185246,5]
[309,17129,24,null,"MD",10,57,"B","B",2.13,4000,160,8520,340.79999999999995,9881,21046.53,5881,396.19085805934242,843.88652766639927,1]
[310,17130,24,null,"MD",10,70,"II","A",3.22,7000,281,22540,904.82,12861,41412.420000000006,5861,515.67762630312745,1660.4819566960705,1]
[311,17131,24,null,"MD",8,60,"II","A",1.89,7000,281,13230,531.08999999999992,5861,11077.289999999999,-1139,235.00400962309541,444.1575781876503,1]
[312,17132,24,null,"DB",3.5,63,"B","A",0.93,7500,301,6975,279.93,8055.6200000000008,7491.7266000000009,555.6200000000008,323,300.39000000000004,2]
[313,17133,19,null,"DB",10,56,"II","A",2.1,12000,481,25200,1010.1,23094.440000000002,48498.324000000008,11094.440000000002,926,1944.6000000000001,7]
[314,17134,19,null,"DB",8.3000000000000007,44,"A","A",1.06,8000,321,8480,340.26,13143.380000000001,13931.982800000002,5143.380000000001,527,558.62,4]
[315,17135,19,null,"DB",9.3000000000000007,48,"A","A",1.42,8000,321,11360,455.82,13891.58,19726.043599999997,5891.58,557,790.93999999999994,5]
[316,17136,19,null,"DB",9.1999999999999993,52,"II","A",1.66,12000,481,19920,798.45999999999992,14390.380000000001,23888.0308,2390.380000000001,577,957.81999999999994,5]
[317,17137,19,null,"DB",8.3000000000000007,53,"A","A",1.56,10000,401,15600,625.56000000000006,13891.58,21670.864799999999,3891.58,557,868.92000000000007,6]
[318,17138,19,null,"DB",8.3000000000000007,43,"A","A",1.01,8000,321,8080,324.20999999999998,13143.380000000001,13274.813800000002,5143.380000000001,527,532.27,5]
[319,17139,19,null,"DB",8.1999999999999993,47,"II","A",1.2,10000,401,12000,481.2,15687.26,18824.712,5687.26,629,754.8,8]
[320,17140,19,null,"DB",7.3,47,"A","A",1.07,8000,321,8560,343.47,13143.380000000001,14063.416600000002,5143.380000000001,527,563.89,7]
[321,17141,19,null,"DB",7.3,49,"II","A",1.17,10000,401,11700,{"$f":"J323*L323","v":469.16999999999996},13891.58,16253.148599999999,3891.58,557,651.68999999999994,7]
[322,17142,19,null,"DB",7.3,52,"II","A",1.32,12000,481,{"$f":"J324*K324","v":15840},634.92000000000007,16522,21809.040000000001,4522,662.46992782678421,874.46030473135522,7]
[323,17143,19,null,"DB",8.1999999999999993,49,"II","A",1.31,10000,401,13100,525.31000000000006,21122,27669.82,11122,846.91259021651956,1109.4554931836408,10]
[324,17144,19,null,"DB",7,56,"II","A",1.47,12000,481,17640,707.06999999999994,14639.78,21520.476600000002,2639.7800000000007,587,862.89,5]
[325,17145,19,null,"DB",7.3,48,"A","A",1.1200000000000001,8000,321,8960,359.52000000000004,13392.78,14999.913600000002,5392.7800000000007,537,601.44000000000005,6]
[326,17146,19,null,"DB",7.3,52,"II","A",1.32,12000,481,15840,634.92000000000007,24122,31841.040000000001,12122,967.20128307939046,1276.7056936647955,11]
[327,17147,19,null,"DB",6.3,52,"A","A",1.1399999999999999,10000,401,11399.999999999998,457.14,16522,18835.079999999998,6522,662.46992782678421,755.2157177225339,7]
[328,17148,19,null,"DB",5.3,49,"A","A",0.85,8000,321,6800,272.84999999999997,15288.220000000001,12994.987000000001,7288.2200000000012,613,521.04999999999995,8]
[329,17149,22,null,"DB",10,58,"C","C",2.25,5000,200,11250,450,7232.6,16273.35,2232.6000000000004,290,652.5,3]
[330,17150,22,null,"DB",3.9,74,"D","B",1.44,5000,200,7200,288,2500,3600,-2500,100.24057738572574,144.34643143544506,0]
[331,17151,22,null,"DB",8,42,"B","B",0.93,6000,241,5580,224.13000000000002,11505,10699.650000000001,5505,461.30713712910983,429.01563753007218,8]
[332,17152,22,null,"DB",8,58,"A","A",1.8,10000,401,18000,721.80000000000007,13295,23931,3295,533.07939053728944,959.54290296712099,6]
[333,17153,22,null,"DB",8,44,"B","B",1.02,6000,241,6120,245.82,6750,6885,750,270.64955894145947,276.06255012028868,3]
[334,17154,22,null,"DB",8,52,"B","B",1.44,7500,301,10800,433.44,10225.4,14724.575999999999,2725.3999999999996,409.99999999999994,590.39999999999986,2]
[335,17155,22,null,"DB",8,53,"C","C",1.5,5000,200,7500,300,7232.6,10848.900000000001,2232.6000000000004,290,435,1]
[336,17156,22,null,"DB",8,58,"C","C",1.8,5000,200,9000,360,7232.6,13018.68,2232.6000000000004,290,522,4]
[337,17157,22,null,"DB",8,67,"A","A",2.42,10000,401,24200,970.42,24067.100000000002,58242.382000000005,14067.100000000002,965,2335.2999999999997,6]
[338,17158,22,null,"DB",8,62,"A","A",2.0699999999999998,10000,401,20700,830.06999999999994,16522,34200.54,6522,662.46992782678421,1371.3127506014432,6]
[339,17159,22,null,"DB",4,82,"A","A",1.82,10000,401,18200,729.82,12220.6,22241.492000000002,2220.6000000000004,490,891.80000000000007,2]
[340,17160,22,null,"DB",6,62,"II","A",1.55,12000,481,18600,745.55000000000007,28581.24,44300.922000000006,16581.240000000002,1146,1776.3,7]
[341,17161,21,null,"DB",12,47,"A","A",1.76,8000,321,14080,564.96,15687.26,27609.577600000001,7687.26,629,1107.04,8]
[342,17162,21,null,"DB",9.4,45,"A","A",1.26,8000,321,10080,404.46,13941.460000000001,17566.239600000001,5941.4600000000009,559,704.34,8]
[343,17163,21,null,"DB",6.8,49,"II","A",1.0900000000000001,10000,401,10900,437.09000000000003,14415.320000000002,15712.698800000002,4415.3200000000015,578,630.0200000000001,5]
[344,17164,21,null,"DB",6.8,52,"A","A",1.23,10000,401,12300,493.23,19453.2,23927.436000000002,9453.2000000000007,780,959.4,8]
[345,17165,21,null,"DB",6.9,47,"II","A",1.01,10000,401,10100,405.01,14440.26,14584.6626,4440.26,579,584.79,6]
[346,17166,21,null,"DB",6,44,"A","A",0.77,8000,321,6160,247.17000000000002,14340.5,11042.184999999999,6340.5,575,442.75,10]
[347,17167,21,null,"DB",6.4,48,"A","A",0.98,8000,321,7840,314.58,13392.78,13124.9244,5392.7800000000007,537,526.26,5]
[348,17168,21,null,"DB",7,44,"A","A",0.9,8000,321,7200,288.90000000000003,14165.92,12749.328,6165.92,568,511.2,8]
[349,17169,21,null,"DB",8.3000000000000007,61,"A","A",2.0699999999999998,10000,401,20700,830.06999999999994,17522,36270.539999999994,7522,702.56615878107459,1454.3119486768244,5]
[350,17170,21,null,"DB",5.9,52,"A","A",1.06,10000,401,10600,425.06,16522,17513.32,6522,662.46992782678421,702.21812349639129,6]
[351,17171,21,null,"DB",5.3,52,"A","A",0.96,10000,401,9600,384.96,15437.86,14820.345600000001,5437.8600000000006,619,594.24,7]
[352,17172,21,null,"DB",5.8,49,"A","A",0.93,8000,321,7440,298.53000000000003,16011.480000000001,14890.676400000002,8011.4800000000014,642,597.06000000000006,6]
[353,17173,21,null,"DB",5,50,"II","A",0.83,12000,481,9960,399.22999999999996,17682.46,14676.441799999999,5682.4599999999991,708.99999999999989,588.46999999999991,9]
[354,17174,21,null,"DB",4.8,52,"A","A",0.87,10000,401,8700,348.87,14564.960000000001,12671.515200000002,4564.9600000000009,584,508.08,6]
[355,17175,21,null,"DB",5.9,58,"II","A",1.33,12000,481,15960,639.73,20552,27334.16,8552,824.05773857257418,1095.9967923015238,7]
[356,17176,21,null,"DB",4.3,67,"A","A",1.3,10000,401,13000,521.30000000000007,23992.280000000002,31189.964000000004,13992.280000000002,962,1250.6000000000001,5]
[357,17177,21,null,"DB",5.2,49,"A","A",0.83,8000,321,6640,266.43,15737.140000000001,13061.8262,7737.1400000000012,631,523.73,8]
[358,17178,21,null,"DB",4,52,"A","A",0.72,10000,401,7200,288.71999999999997,14975,10782,4975,600.44105854049712,432.31756214915794,7]
[359,17179,21,null,"DB",4,47,"A","A",0.59,8000,321,4720,189.39,16560.16,9770.4943999999996,8560.16,664,391.76,6]
[360,17180,31,null,"DB",4,55,"A","A",0.81,10000,401,8100.0000000000009,324.81,16522,13382.820000000002,6522,662.46992782678421,536.60064153969529,5]
[361,17181,31,null,"DB",3,53,"A","A",0.56000000000000005,10000,401,5600.0000000000009,224.56000000000003,12610,7061.6,2610,505.61347233360061,283.1435445068164,3]
[362,17182,31,null,"DB",3,45,"A","A",0.4,8000,321,3200,128.4,14614.84,5845.9360000000006,6614.84,586,234.4,3]
[363,17183,31,null,"DB",2.4,45,"II","A",0.32,10000,401,3200,128.32,10150.58,3248.1856000000002,150.57999999999993,407,130.24,2]
[364,17184,31,null,"DB",4,63,"A","A",1.07,10000,401,10700,429.07000000000005,12220.6,13076.042000000001,2220.6000000000004,490,524.30000000000007,3]
[365,17185,31,null,"DB",3,67,"A","A",0.91,10000,401,9100,364.91,5750,"NEPRODÁNO",-4250,230.55332798716918,209.80352846832398,1]
[366,17186,31,null,"DB",4.3,66,"A","A",1.26,10000,401,12600,505.26,16522,20817.72,6522,662.46992782678421,834.71210906174815,5]
[367,17187,31,null,"DB",7,86,"A","A",3.51,10000,401,35100,1407.51,14122,49568.219999999994,4122,566.23897353648749,1987.4987971130711,4]
[368,17188,31,null,"DB",9.1999999999999993,49,"B","B",1.47,6000,241,8820,354.27,9726.6,14298.102000000001,3726.6000000000004,390,573.29999999999995,3]
[369,17189,31,null,"DB",3,44,"A","A",0.38,8000,321,3040,121.98,12610,4791.8,4610,505.61347233360061,192.13311948676824,5]
[370,17190,31,null,"DB",4,49,"A","A",0.64,8000,321,5120,205.44,16734.740000000002,10710.233600000001,8734.7400000000016,671,429.44,7]
[371,17191,31,null,"DB",5,44,"A","A",0.64,8000,321,5120,205.44,14091.1,9018.3040000000001,6091.1,565,361.6,7]
[372,17192,31,null,"DB",2.5,45,"A","A",0.34,8000,321,2720,109.14000000000001,0,0,-8000,0,0,0]
[373,17193,31,null,"DB",4,41,"A","A",0.44,8000,321,3520,141.24,11610,5108.3999999999996,3610,465.51724137931035,204.82758620689654,5]
[374,17194,31,null,"DB",5,43,"A","A",0.61,8000,321,4880,195.81,13667.12,8336.9431999999997,5667.1200000000008,548,334.28,7]
[375,17195,31,null,"DB",4,51,"A","A",0.69,10000,401,6899.9999999999991,276.69,12220.6,8432.2139999999999,2220.6000000000004,490,338.09999999999997,3]
[376,17196,31,null,"DB",4,43,"A","A",0.49,8000,321,3920,157.29,13295,6514.55,5295,533.07939053728944,261.20890136327182,5]
[377,17197,31,null,"DB",5,62,"B","A",1.29,7500,301,9675,388.29,8561,11043.69,1061,343.2638331996792,442.81034482758616,2]
[378,17198,31,null,"DB",3.5,39,"A","B",0.35,5500,221,1924.9999999999998,77.349999999999994,12405,4341.75,6905,497.3937449879711,174.08781074578988,3]
[379,17199,31,null,"DB",4,46,"II","A",0.56000000000000005,10000,401,5600.0000000000009,224.56000000000003,13610,7621.6,3610,545.70970328789087,305.5974338412189,6]
[380,17200,31,null,"DB",4.9000000000000004,45,"A","A",0.66,8000,321,5280,211.86,12610,8322.6,4610,505.61347233360061,333.70489174017644,5]
[381,17201,31,null,"DB",4.9000000000000004,43,"A","A",0.6,8000,321,4800,192.6,12145.78,7287.4679999999998,4145.7800000000007,487,292.2,5]
[382,17202,31,null,"DB",5,46,"A","A",0.7,8000,321,5600,224.7,12145.78,8502.0460000000003,4145.7800000000007,487,340.9,5]
[383,17203,31,null,"DB",3.5,60,"A","A",0.85,10000,401,8500,340.84999999999997,8250,"NEPRODÁNO",-1750,330.79390537289493,281.17481956696071,1]
[384,17204,31,null,"DB",4,65,"A","A",1.1399999999999999,10000,401,11399.999999999998,457.14,14122,16099.079999999998,4122,566.23897353648749,645.51242983159568,4]
[385,17205,31,null,"DB",3,44,"II","A",0.38,10000,401,3800,{"$f":"J387*L387","v":152.38},12610,4791.8,2610,505.61347233360061,192.13311948676824,4]
[386,17206,31,null,"DB",5,46,"A","A",0.7,8000,321,{"$f":"J388*K388","v":5600},224.7,12644.58,8851.2060000000001,4644.58,506.99999999999994,354.89999999999992,4]
[387,17207,31,null,"DB",5,53,"A","A",0.94,10000,401,9400,376.94,12644.58,11885.905199999999,2644.58,506.99999999999994,476.57999999999993,3]
[388,17208,31,null,"DB",6,38,"B","C",0.56999999999999995,4500,180,2565,102.6,7232.6,4122.5819999999994,2732.6000000000004,290,165.29999999999998,1]
[389,17209,31,null,"DB",7,41,"A","A",0.78,8000,321,6240,250.38,12644.58,9862.7723999999998,4644.58,506.99999999999994,395.46,5]
[390,17210,15,null,"DB",7.9,72,"II","A",2.76,12000,481,33120,1327.56,46039.240000000005,127068.3024,34039.240000000005,1846.0000000000002,5094.96,7]
[391,17211,15,null,"DB",12,68,"II","A",3.74,12000,481,44880,1798.94,40552.44,151666.12560000003,28552.440000000002,1626,6081.2400000000007,11]
[392,17212,15,null,"DB",8.4,80,"II","A",3.64,12000,481,43680,1750.8400000000001,34068.04,124007.66560000001,22068.04,1366,4972.24,8]
[393,17213,15,null,"DB",12,76,"B","A",4.6900000000000004,7500,301,35175,1411.69,17931.86,84100.423400000014,10431.86,719,3372.11,8]
[394,17214,15,null,"DB",12.5,79,"B","A",5.28,7500,301,39600,1589.28,16522,87236.160000000003,9022,662.46992782678421,3497.8412189254209,6]
[395,17215,15,null,"DB",9,68,"B","A",2.8,7500,301,21000,842.8,13122,36741.599999999999,5622,526.14274258219723,1473.1996792301522,5]
[396,17216,15,null,"DB",11.3,72,"B","A",3.95,7500,301,29625,1188.95,24092.04,95163.558000000005,16592.04,966,3815.7000000000003,8]
[397,17217,16,null,"JS",8,50,"B","B",1.33,3000,120,3990,159.60000000000002,5461.8600000000006,7264.2738000000008,2461.8600000000006,219,291.27000000000004,4]
[398,17218,16,null,"JS",8,54,"A","A",1.56,3500,140,5460,218.4,4750,7410,1250,190.45709703287889,297.11307137129108,6]
[399,17219,16,null,"JS",9,46,"B","B",1.26,3000,120,3780,151.19999999999999,4738.6000000000004,5970.6360000000004,1738.6000000000004,190,239.4,4]
[400,17220,16,null,"JS",8,55,"B","B",1.62,3000,120,4860,194.4,4489.2,7272.5039999999999,1489.1999999999998,179.99999999999997,291.59999999999997,4]
[401,17221,16,null,"JS",8,43,"A","A",0.98,3500,140,3430,137.19999999999999,4750,4655,1250,190.45709703287889,186.64795509222131,5]
[402,17222,16,null,"JS",7,54,"A","A",1.36,3500,140,4760,190.4,4750,6460.0000000000009,1250,190.45709703287889,259.02165196471532,4]
[403,17223,16,null,"JS",6.9,64,"A","A",1.9,3500,140,6650,266,4750,9025,1250,190.45709703287889,361.86848436246987,3]
[404,17224,16,null,"JS",7,50,"B","B",1.17,3000,120,3510,140.39999999999998,4489.2,5252.3639999999996,1489.1999999999998,179.99999999999997,210.59999999999997,4]
[405,17225,16,null,"JS",7,49,"A","A",1.1200000000000001,3500,140,3920.0000000000005,156.80000000000001,4750,5320.0000000000009,1250,190.45709703287889,213.31194867682439,4]
[406,17226,16,null,"JS",7,53,"A","A",1.31,3500,140,4585,183.4,4750,6222.5,1250,190.45709703287889,249.49879711307136,3]
[407,17227,16,null,"JS",6,70,"B","A",1.98,3000,120,5940,237.6,4489.2,8888.616,1489.1999999999998,179.99999999999997,356.39999999999992,4]
[408,17228,16,null,"JS",6,48,"A","A",0.92,3500,140,3220,128.80000000000001,4750,4370,1250,190.45709703287889,175.22052927024859,4]
[409,17229,16,null,"JS",4.4000000000000004,42,"C","C",0.51,2300,92,1173,46.92,4239.8,2162.2980000000002,1939.8000000000002,170,86.7,2]
[410,17230,16,null,"JS",4,61,"A","A",1,3500,140,3500,140,4738.6000000000004,4738.6000000000004,1238.6000000000004,190,190,3]
[411,17231,16,null,"JS",6,55,"A","A",1.21,3500,140,4235,169.4,4750,5747.5,1250,190.45709703287889,230.45308740978345,5]
[412,17232,16,null,"JS",5,41,"B","B",0.55000000000000004,3000,120,1650.0000000000002,66,4489.2,2469.06,1489.1999999999998,179.99999999999997,98.999999999999986,3]
[413,17233,16,null,"JS",5,49,"II","A",0.8,4500,180,3600,144,5110,4088,610,204.89174017642341,163.91339214113873,4]
[414,17234,16,null,"JS",7,52,"A","A",1.26,3500,140,4410,176.4,7132.84,8987.3783999999996,3632.84,286,360.36,6]
[415,17235,16,null,"JS",6.2,44,"A","A",0.79,3500,140,2765,110.60000000000001,4750,3752.5,1250,190.45709703287889,150.46110665597433,3]
[416,17236,16,null,"JS",7,47,"B","B",1.03,3000,120,3090,123.60000000000001,4489.2,4623.8760000000002,1489.1999999999998,179.99999999999997,185.39999999999998,3]
[417,17237,16,null,"JS",6,55,"B","B",1.21,3000,120,3630,145.19999999999999,4489.2,5431.9319999999998,1489.1999999999998,179.99999999999997,217.79999999999995,3]
[418,17238,16,null,"JS",5,49,"II","A",0.8,4500,180,3600,144,5110,4088,610,204.89174017642341,163.91339214113873,5]
[419,17239,25,null,"DB",5.5,48,"A","A",0.84,8000,321,6720,269.64,14440.26,12129.8184,6440.26,579,486.35999999999996,6]
[420,17240,25,null,"DB",6,42,"A","A",0.7,8000,321,5600,224.7,12644.58,8851.2060000000001,4644.58,506.99999999999994,354.89999999999992,7]
[421,17241,25,null,"DB",5.9,49,"II","A",0.94,10000,401,9400,376.94,13143.380000000001,12354.7772,3143.380000000001,527,495.38,5]
[422,17242,25,null,"DB",4,53,"B","B",0.75,7500,301,5625,225.75,10225.4,7669.0499999999993,2725.3999999999996,409.99999999999994,307.49999999999994,4]
[423,17243,25,null,"DB",3.9,51,"II","A",0.68,12000,481,8160.0000000000009,327.08000000000004,14610,9934.8000000000011,2610,585.80593424218125,398.34803528468331,4]
[424,17244,25,null,"DB",4.9000000000000004,47,"A","A",0.72,8000,321,5760,231.12,12145.78,8744.9616000000005,4145.7800000000007,487,350.64,7]
[425,17245,25,null,"DB",5,62,"A","A",1.29,10000,401,12900,517.29,21448.400000000001,27668.436000000002,11448.400000000001,860,1109.4000000000001,8]
[426,17246,25,null,"DB",5,67,"II","A",1.51,12000,481,18120,726.31000000000006,33070.44,49936.364400000006,21070.440000000002,1326,2002.26,9]
[427,17247,25,null,"DB",8,63,"B","A",2.13,7500,301,15975,641.13,27833.040000000001,59284.375200000002,20333.04,1116,2377.08,7]
[428,17248,25,null,"DB",8,47,"A","A",1.17,8000,321,9360,375.57,12844.1,15027.597,4844.1000000000004,515,602.54999999999995,7]
[429,17249,25,null,"DB",4,37,"A","B",0.36,5500,221,1980,79.56,12405,4465.8,6905,497.3937449879711,179.06174819566959,5]
[430,17250,25,null,"DB",4,42,"A","A",0.47,8000,321,3760,150.87,14116.04,6634.5388000000003,6116.0400000000009,566,266.02,7]
[431,17251,25,null,"DB",4,44,"B","B",0.51,6000,241,3060,122.91,9726.6,4960.5660000000007,3726.6000000000004,390,198.9,2]
[432,17252,25,null,"DB",4,53,"A","A",0.75,10000,401,7500,300.75,14975,11231.25,4975,600.44105854049712,450.33079390537284,6]
[433,17253,25,null,"DB",4,48,"A","A",0.61,8000,321,4880,195.81,13610,8302.1,5610,545.70970328789087,332.88291900561342,7]
[434,17254,25,null,"DB",4,41,"A","A",0.44,8000,321,3520,141.24,13517.480000000001,5947.6912000000002,5517.4800000000014,542,238.48,7]
[435,17255,25,null,"DB",4,49,"II","A",0.64,10000,401,6400,256.64,15861.84,10151.577600000001,5861.84,636,407.04,8]
[436,17256,25,null,"DB",4,46,"A","A",0.56000000000000005,8000,321,4480,179.76000000000002,13295,7445.2000000000007,5295,533.07939053728944,298.52445870088212,6]
[437,17257,25,null,"DB",3.9,47,"A","A",0.56999999999999995,8000,321,4560,182.96999999999997,14290.62,8145.6534000000001,6290.6200000000008,573,326.60999999999996,5]
[438,17258,25,null,"DB",4,46,"II","A",0.56000000000000005,10000,401,5600.0000000000009,224.56000000000003,13610,7621.6,3610,545.70970328789087,305.5974338412189,7]
[439,17259,25,null,"DB",4,44,"A","A",0.51,8000,321,4080,163.71,13295,6780.45,5295,533.07939053728944,271.87048917401762,6]
[440,17260,25,null,"DB",4,45,"A","A",0.54,8000,321,4320,173.34,13295,7179.3,5295,533.07939053728944,287.86287089013632,6]
[441,17261,25,null,"DB",6.5,77,"A","A",2.61,10000,401,26100,1046.6099999999999,14122,36858.42,4122,566.23897353648749,1477.8837209302324,5]
[442,17262,27,null,"DB",4,61,"B","A",1,7500,301,7500,301,10225.4,10225.4,2725.3999999999996,409.99999999999994,409.99999999999994,2]
[443,17263,27,null,"DB",3,48,"B","B",0.46,6000,241,2760,110.86,6161,2834.06,161,247.0328789093825,113.63512429831596,1]
[444,17264,27,null,"DB",3,51,"A","A",0.52,10000,401,5200,208.52,12610,6557.2,2610,505.61347233360061,262.91900561347234,4]
[445,17265,27,null,"DB",4,60,"A","A",0.97,10000,401,9700,388.96999999999997,8750,8487.5,-1250,350.84202085004006,340.31676022453883,1]
[446,17266,27,null,"DB",3,64,"B","A",0.83,7500,301,6225,249.82999999999998,6161,5113.63,-1339,247.0328789093825,205.03728949478747,1]
[447,17267,27,null,"DB",4,49,"A","A",0.64,8000,321,5120,205.44,13610,8710.4,5610,545.70970328789087,349.25421010425015,7]
[448,17268,27,null,"DB",4,45,"B","B",0.54,6000,241,3240,130.14000000000001,9726.6,5252.3640000000005,3726.6000000000004,390,210.60000000000002,1]
[449,17269,27,null,"DB",3,51,"A","A",0.52,10000,401,5200,{"$f":"J451*L451","v":208.52},14975,7787,4975,600.44105854049712,312.2293504410585,3]
[450,17270,27,null,"DB",3,50,"A","A",0.5,10000,401,{"$f":"J452*K452","v":5000},200.5,13295,6647.5,3295,533.07939053728944,266.53969526864472,4]
[451,17271,27,null,"DB",3.4,65,"A","A",0.97,10000,401,9700,388.96999999999997,7161,6946.17,-2839,287.1291098636728,278.5152365677626,3]
[452,17272,27,null,"DB",3,43,"A","A",0.37,8000,321,2960,118.77,13791.820000000002,5102.9734000000008,5791.8200000000015,553,204.60999999999999,5]
[453,17273,27,null,"DB",3,44,"A","A",0.38,8000,321,3040,121.98,11610,4411.8,3610,465.51724137931035,176.89655172413794,5]
[454,17274,27,null,"DB",3.4,48,"A","A",0.52,8000,321,4160,166.92000000000002,8861,4607.72,861,355.29270248596629,184.75220529270248,2]
[455,17275,27,null,"DB",4,42,"A","A",0.47,8000,321,3760,150.87,12405,5830.3499999999995,4405,497.3937449879711,233.77506014434641,5]
[456,17276,27,null,"DB",5,65,"II","A",1.42,12000,481,17040,683.02,31075.24,44126.840799999998,19075.240000000002,1246,1769.32,7]
[457,17277,27,null,"DB",5,73,"B","A",1.8,7500,301,13500,541.80000000000007,10225.4,18405.72,2725.3999999999996,409.99999999999994,737.99999999999989,2]
[458,17278,27,null,"DB",5,60,"A","A",1.21,10000,401,12100,485.21,14110,17073.099999999999,4110,565.75781876503606,684.56696070569365,5]
[459,17279,27,null,"DB",5,71,"B","A",1.7,7500,301,12750,511.7,10225.4,17383.18,2725.3999999999996,409.99999999999994,696.99999999999989,3]
[460,17280,27,null,"DB",3.4,71,"A","A",1.1599999999999999,10000,401,11600,465.15999999999997,24590.84,28525.374399999997,14590.84,986,1143.76,4]
[461,17281,27,null,"DB",3,48,"B","B",0.46,6000,241,2760,110.86,8610,3960.6000000000004,2610,345.22854851643945,158.80513231756214,3]
[462,17282,27,null,"DB",3,49,"A","A",0.48,8000,321,3840,154.07999999999998,13295,6381.5999999999995,5295,533.07939053728944,255.87810745789892,6]
[463,17283,27,null,"DB",3.2,48,"A","A",0.49,8000,321,3920,157.29,10610,5198.8999999999996,2610,425.42101042502003,208.45629510825981,4]
[464,17284,31,null,"JV",8,50,"A","A",1.33,6000,241,7980,320.53000000000003,0,0,-6000,0,0,0]
[465,17285,31,null,"DB",6.9,40,"A","A",0.73,8000,321,5840,234.32999999999998,13143.380000000001,9594.6674000000003,5143.380000000001,527,384.71,4]
[466,17286,31,null,"DB",4,50,"A","A",0.67,10000,401,6700,268.67,15762.08,10560.5936,5762.08,632,423.44,8]
[467,17287,31,null,"DB",4,45,"A","A",0.54,8000,321,4320,173.34,11472.400000000001,6195.0960000000014,3472.4000000000015,460.00000000000006,248.40000000000003,4]
[468,17288,31,null,"DB",3.8,55,"A","A",0.77,10000,401,7700,308.77,8661,"NEPRODÁNO",-1339,347.27345629510825,267.40056134723335,2]
[469,17289,28,17,"DBC",5,58,"B","B",1.1299999999999999,2200,88,2485.9999999999995,99.44,1250,1412.4999999999998,-950,50.120288692862871,56.635926222935041,0]
[470,17290,28,17,"DB",5,48,"B","B",0.77,6000,241,4620,185.57,9726.6,7489.4820000000009,3726.6000000000004,390,300.3,2]
[471,17291,28,17,"DB",5,55,"B","B",1.01,7500,301,7575,304.01,21598.04,21814.020400000001,14098.04,866,874.66,7]
[472,17292,28,17,"DB",3,58,"B","B",0.68,7500,301,5100,204.68,13717,9327.5600000000013,6217,550,374,4]
[473,17293,28,17,"DB",4.8,68,"A","A",1.5,10000,401,15000,601.5,20552,30828,10552,824.05773857257418,1236.0866078588613,3]
[474,17294,28,17,"DBC",5,63,"B","A",1.33,2200,88,2926,117.04,1250,1662.5,-950,50.120288692862871,66.659983961507621,0]
[475,17295,28,17,"DB",4.5,47,"A","A",0.66,8000,321,5280,211.86,15338.1,10123.146000000001,7338.1,615,405.90000000000003,7]
[476,17296,28,17,"DB",5,49,"A","A",0.8,8000,321,6400,256.8,19104.04,15283.232000000002,11104.04,766,612.80000000000007,9]
[477,17297,28,17,"DBC",5,61,"B","A",1.25,2200,88,2750,110,1250,1562.5,-950,50.120288692862871,62.650360866078586,0]
[478,17298,28,17,"DB",5.5,54,"A","A",1.07,10000,401,10700,429.07000000000005,13392.78,14330.274600000001,3392.7800000000007,537,574.59,5]
[479,17299,28,17,"DB",3.3,61,"A","A",0.82,10000,401,8200,328.82,6750,5535,-3250,270.64955894145947,221.93263833199674,1]
[480,17300,28,17,"DB",3,40,"D","C",0.32,4000,160,1280,51.2,6000,1920,2000,240.57738572574178,76.984763432237372,2]
[481,17301,28,17,"DB",4.7,43,"B","B",2.2000000000000002,6000,241,13200.000000000002,530.20000000000005,9726.6,21398.520000000004,3726.6000000000004,390,858.00000000000011,1]
[482,17302,28,17,"DB",4.4000000000000004,45,"A","A",0.59,8000,321,4720,189.39,11472.400000000001,6768.7160000000003,3472.4000000000015,460.00000000000006,271.40000000000003,2]
[483,17303,28,17,"DB",7.6,51,"B","B",1.32,7500,301,9900,397.32,10225.4,13497.528,2725.3999999999996,409.99999999999994,541.19999999999993,3]
[484,17304,28,17,"DB",8,48,"A","A",1.22,8000,321,9760,391.62,13295,16219.9,5295,533.07939053728944,650.35685645549313,7]
[485,17305,28,17,"DB",6,47,"A","A",0.88,8000,321,7040,282.48,13392.78,11785.646400000001,5392.7800000000007,537,472.56,7]
[486,17306,28,17,"DB",6.3,48,"A","A",0.96,8000,321,7680,308.15999999999997,13392.78,12857.068800000001,5392.7800000000007,537,515.52,4]
[487,17307,28,17,"DBC",5,43,"A","A",0.61,2500,100,1525,61,1400,854,-1100,56.13472333600641,34.242181234963908,0]
[488,17308,28,17,"DBC",4,71,"B","A",1.36,2200,88,2992,119.68,7881.04,10718.214400000001,5681.04,316,429.76000000000005,2]
[489,17309,28,17,"DB",5.5,36,"A","B",0.47,5500,221,2585,103.86999999999999,8750,4112.5,3250,350.84202085004006,164.89574979951882,2]
[490,17310,28,17,"DB",5.5,54,"A","A",1.07,10000,401,10700,429.07000000000005,12220.6,13076.042000000001,2220.6000000000004,490,524.30000000000007,4]
[491,17311,28,17,"DB",4,52,"B","B",0.72,7500,301,5400,216.72,10225.4,7362.2879999999996,2725.3999999999996,409.99999999999994,295.19999999999993,2]
[492,17312,28,17,"DB",5.5,46,"B","B",0.77,6000,241,4620,185.57,9726.6,7489.4820000000009,3726.6000000000004,390,300.3,2]
[493,17313,28,17,"DB",5.5,42,"D","C",0.64,4000,160,2560,102.4,1800,1152,-2200,72.173215717722528,46.190858059342418,0]
[494,17314,28,17,"DB",5.5,46,"C","C",0.77,4000,160,3080,123.2,6733.8,5185.0259999999998,2733.8,270,207.9,1]
[495,17315,31,null,"JS",3,61,"A","A",0.75,3500,140,2625,105,3500,2625,0,140.33680834001603,105.25260625501203,2]
[496,17316,31,null,"JS",3,52,"A","A",0.54,3500,140,1890.0000000000002,75.600000000000009,3500,1890.0000000000002,0,140.33680834001603,75.781876503608657,2]
[497,17317,31,null,"JS",3,41,"II","A",0.33,4500,180,1485,59.400000000000006,3500,"NEPRODÁNO",-1000,140.33680834001603,46.311146752205296,2]
[498,17318,31,null,"DB",3,39,"A","B",0.3,5500,221,1650,66.3,3950,"NEPRODÁNO",-1550,158.38011226944667,47.514033680833997,2]
[499,17319,31,null,"DB",3,52,"II","A",0.54,12000,481,6480,259.74,14975,8086.5000000000009,2975,600.44105854049712,324.23817161186849,4]
[500,17320,31,null,"DB",4.9000000000000004,42,"A","A",0.56999999999999995,8000,321,4560,182.96999999999997,11472.400000000001,6539.268,3472.4000000000015,460.00000000000006,262.2,4]
[501,17321,31,null,"DB",4,48,"A","A",0.61,8000,321,4880,195.81,12405,7567.05,4405,497.3937449879711,303.41018444266234,3]
[502,17322,31,null,"DB",4.9000000000000004,44,"II","A",0.63,10000,401,6300,252.63,13610,8574.2999999999993,3610,545.70970328789087,343.79711307137126,5]
[503,17323,31,null,"DB",7,41,"A","A",0.78,8000,321,6240,250.38,13143.380000000001,10251.836400000002,5143.380000000001,527,411.06,7]
[504,17324,31,null,"JS",6,56,"A","A",1.26,3500,140,4410,176.4,5110,6438.6,1610,204.89174017642341,258.16359262229349,5]
[505,17325,31,null,"DB",10,48,"B","B",1.53,6000,241,9180,368.73,9726.6,14881.698,3726.6000000000004,390,596.70000000000005,2]
[506,17326,31,null,"JS",9.4,58,"A","A",2.12,3500,140,7420,296.8,4750,10070,1250,190.45709703287889,403.76904570970328,3]
[507,17327,31,null,"JS",9.5,52,"A","A",1.71,3500,140,5985,239.4,4750,8122.5,1250,190.45709703287889,325.6816359262229,3]
[508,17328,31,null,"JS",8,55,"A","A",1.62,3500,140,5670,226.8,4750,7695.0000000000009,1250,190.45709703287889,308.54049719326383,4]
[509,17329,31,null,"DB",4.9000000000000004,52,"A","A",0.88,10000,401,8800,352.88,12220.6,10754.128000000001,2220.6000000000004,490,431.2,2]
[510,17330,31,null,"DB",5,51,"A","A",0.87,10000,401,8700,348.87,14110,12275.7,4110,565.75781876503606,492.20930232558135,5]
[511,17331,31,null,"JS",3,83,"C","B",1.4,2300,92,3220,128.79999999999998,0,0,-2300,0,0,0]
[512,17332,29,null,"DB",3.9,53,"B","B",0.73,7500,301,5475,219.73,4500,3285,-3000,180.43303929430633,131.71611868484362,0]
[513,17333,29,null,"DB",4,49,"A","A",0.64,8000,321,5120,{"$f":"J515*L515","v":205.44},8250,5280,250,330.79390537289493,211.70809943865277,1]
[514,17334,29,null,"DB",4,47,"A","A",0.59,8000,321,{"$f":"J516*K516","v":4720},189.39,12405,7318.95,4405,497.3937449879711,293.46230954290291,5]
[515,17335,29,null,"DB",4,72,"C","B",1.4,5000,200,7000,280,5661,7925.4,661,226.98476343223737,317.77866880513233,1]
[516,17336,29,null,"DB",4,95,"I","A",2.4500000000000002,18000,722,44100,1768.9,9500,23275,-8500,380.91419406575778,933.23977546110666,1]
[517,17337,29,null,"DB",3.9,79,"II","A",1.65,12000,481,19800,793.65,22071.9,36418.635000000002,10071.900000000001,885,1460.25,2]
[518,17338,29,null,"DB",4,50,"II","A",0.67,12000,481,8040.0000000000009,322.27000000000004,16522,11069.74,4522,662.46992782678421,443.85485164394544,7]
[519,17339,29,null,"DB",4,70,"B","A",1.32,7500,301,9900,397.32,5000,6600,-2500,200.48115477145149,264.63512429831599,0]
[520,17340,29,null,"DB",3.6,72,"B","A",1.26,7500,301,9450,379.26,7161,9022.86,-339,287.1291098636728,361.78267842822771,2]
[521,17341,29,null,"JL",4,74,"C","B",1.48,1700,68,2516,100.64,5123,7582.04,3423,205.41299117882917,304.01122694466716,2]
[522,17342,29,null,"JL",4,99,"C","B",2.67,1700,68,4539,181.56,5123,13678.41,3423,205.41299117882917,548.45268644747387,1]
[523,17343,29,null,"JL",4,84,"C","B",1.91,1700,68,3247,129.88,5123,9784.93,3423,205.41299117882917,392.33881315156373,2]
[524,17344,29,null,"DB",4,79,"B","A",1.69,7500,301,12675,508.69,5000,8450,-2500,200.48115477145149,338.81315156375302,0]
[525,17345,29,null,"DB",4,90,"A","A",2.2000000000000002,10000,401,22000,882.2,10150,22330,150,406.97674418604652,895.34883720930236,1]
[526,17346,30,null,"DB",4,48,"II","A",0.61,10000,401,6100,244.60999999999999,14975,9134.75,4975,600.44105854049712,366.26904570970322,7]
[527,17347,30,null,"DB",4,58,"II","A",0.9,12000,481,10800,432.90000000000003,21498.280000000002,19348.452000000001,9498.2800000000025,862,775.80000000000007,10]
[528,17348,30,null,"DB",4,49,"II","A",0.64,10000,401,6400,256.64,14610,9350.4,4610,585.80593424218125,374.91579791499601,7]
[529,17349,30,null,"DB",4,41,"A","A",0.44,8000,321,3520,141.24,12405,5458.2,4405,497.3937449879711,218.8532477947073,7]
[530,17350,30,null,"DB",4,47,"II","A",0.59,10000,401,5900,236.58999999999997,13610,8029.9,3610,545.70970328789087,321.96872493985558,6]
[531,17351,30,null,"DB",4,64,"II","A",1.1000000000000001,12000,481,13200.000000000002,529.1,15110,16621,3110,605.85404971932633,666.43945469125902,5]
[532,17352,30,null,"DB",4,52,"A","A",0.72,10000,401,7200,288.71999999999997,13610,9799.1999999999989,3610,545.70970328789087,392.9109863672814,6]
[533,17353,30,null,"DB",4,49,"II","A",0.64,10000,401,6400,256.64,16161.12,10343.116800000002,6161.1200000000008,648,414.72,8]
[534,17354,30,null,"DB",4,51,"I","A",0.69,18000,722,12419.999999999998,498.17999999999995,14975,10332.75,-3025,600.44105854049712,414.30433039294297,5]
[535,17355,30,null,"DB",4,55,"II","A",0.81,12000,481,9720,389.61,16522,13382.820000000002,4522,662.46992782678421,536.60064153969529,9]
[536,17356,30,null,"DB",4,54,"II","A",0.78,12000,481,9360,375.18,16522,12887.16,4522,662.46992782678421,516.7265437048917,8]
[537,17357,30,null,"DB",4,53,"II","A",0.75,12000,481,9000,360.75,13610,10207.5,1610,545.70970328789087,409.28227746591813,6]
[538,17358,30,null,"DB",4,49,"II","A",0.64,10000,401,6400,256.64,13295,8508.7999999999993,3295,533.07939053728944,341.17080994386527,6]
[539,17359,30,null,"DB",4,57,"II","A",0.87,12000,481,10440,418.46999999999997,14610,12710.7,2610,585.80593424218125,509.6511627906977,7]
[540,17360,30,null,"DB",4,85,"I","A",1.96,18000,722,35280,1415.12,26610.98,52157.520799999998,8610.98,1067,2091.3200000000002,5]
[541,17361,30,null,"DB",4,42,"II","A",0.47,10000,401,4700,188.47,13295,6248.65,3295,533.07939053728944,250.54731355252602,6]
[542,17362,30,null,"DB",4,54,"A","A",0.78,10000,401,7800,312.78000000000003,13122,10235.16,3122,526.14274258219723,410.39133921411383,5]
[543,17363,26,null,"DB",3,49,"II","A",0.48,10000,401,4800,192.48,13816.76,6632.0447999999997,3816.76,554,265.92,4]
[544,17364,26,null,"DB",3,46,"II","A",0.42,10000,401,4200,168.42,10461,4393.62,461,419.44667201283079,176.16760224538893,4]
[545,17365,26,null,"DB",2.9,54,"A","A",0.56000000000000005,10000,401,5600.0000000000009,224.56000000000003,10461,5858.1600000000008,461,419.44667201283079,234.89013632718527,1]
[546,17366,26,null,"DB",3,60,"II","A",0.72,12000,481,8640,346.32,10461,7531.92,-1539,419.44667201283079,302.00160384923817,2]
[547,17367,26,null,"DB",4,42,"II","A",0.47,10000,401,4700,188.47,13295,6248.65,3295,533.07939053728944,250.54731355252602,6]
[548,17368,26,null,"DB",3.5,49,"II","A",0.56000000000000005,10000,401,5600.0000000000009,224.56000000000003,16460.400000000001,9217.8240000000023,6460.4000000000015,660,369.6,4]
[549,17369,26,null,"DB",4,44,"A","A",0.51,8000,321,4080,163.71,13295,6780.45,5295,533.07939053728944,271.87048917401762,6]
[550,17370,26,null,"DB",4,54,"II","A",0.78,12000,481,9360,375.18,14975,11680.5,2975,600.44105854049712,468.34402566158775,8]
[551,17371,26,null,"DB",4,54,"II","A",0.78,12000,481,9360,375.18,16535.22,12897.471600000001,4535.2200000000012,663,517.14,10]
[552,17372,26,null,"DB",4.5,50,"A","A",0.75,10000,401,7500,300.75,14122,10591.5,4122,566.23897353648749,424.67923015236562,7]
[553,17373,26,null,"DB",5,40,"A","A",0.53,8000,321,4240,170.13,12145.78,6437.2634000000007,4145.7800000000007,487,258.11,5]
[554,17374,26,null,"DB",4,42,"II","A",0.47,10000,401,4700,188.47,12405,5830.3499999999995,2405,497.3937449879711,233.77506014434641,6]
[555,17375,26,null,"DB",4,45,"II","A",0.54,10000,401,5400,216.54000000000002,14964,8080.56,4964,600,324,7]
[556,17376,26,null,"DB",4,54,"II","A",0.78,12000,481,9360,375.18,20176.460000000003,15737.638800000002,8176.4600000000028,809.00000000000011,631.0200000000001,8]
[557,17377,26,null,"DB",5,43,"A","A",0.61,8000,321,4880,195.81,11472.400000000001,6998.1640000000007,3472.4000000000015,460.00000000000006,280.60000000000002,4]
[558,17378,26,null,"DB",4,43,"A","A",0.49,8000,321,3920,157.29,12405,6078.45,4405,497.3937449879711,243.72293504410584,5]
[559,17379,26,null,"DB",3,48,"II","A",0.46,10000,401,4600,184.46,10461,4812.0600000000004,461,419.44667201283079,192.94546912590218,3]
[560,17380,26,null,"DB",3,53,"II","A",0.56000000000000005,12000,481,6720.0000000000009,269.36,13295,7445.2000000000007,1295,533.07939053728944,298.52445870088212,4]
[561,17381,26,null,"DB",3.5,56,"II","A",0.73,12000,481,8760,351.13,14975,10931.75,2975,600.44105854049712,438.32197273456291,4]
[562,17382,26,null,"DB",3,49,"II","A",0.48,10000,401,4800,192.48,10461,5021.28,461,419.44667201283079,201.33440256615876,2]
[563,17383,26,null,"DB",3,42,"A","A",0.35,8000,321,2800,112.35,12405,4341.75,4405,497.3937449879711,174.08781074578988,3]
[564,17384,26,null,"DB",3,47,"II","A",0.44,10000,401,4400,176.44,8250,3630,-1750,330.79390537289493,145.54931836407377,1]
[565,17385,26,null,"DB",3,46,"II","A",0.42,10000,401,4200,168.42,11161,4687.62,1161,447.51403368083396,187.95589414595025,3]
[566,17386,26,null,"DB",4,50,"I","A",0.67,18000,722,12060,483.74,16634.98,11145.436600000001,-1365.0200000000004,667,446.89000000000004,5]
[567,17387,26,null,"DB",6,58,"II","A",1.35,12000,481,16200.000000000002,649.35,30825.84,41614.884000000005,18825.84,1236,1668.6000000000001,6]
[568,17388,26,null,"DB",5.5,50,"A","A",0.92,10000,401,9200,368.92,15387.980000000001,14156.941600000002,5387.9800000000014,617,567.64,5]
[569,17389,26,null,"DB",4,45,"A","A",0.54,8000,321,4320,173.34,13295,7179.3,5295,533.07939053728944,287.86287089013632,5]
[570,17390,26,null,"DB",4,41,"II","A",0.44,10000,401,4400,176.44,13110,5768.4,3110,525.6615878107458,231.29109863672815,5]
[571,17391,26,null,"DB",3.9,43,"A","A",0.48,8000,321,3840,154.07999999999998,11610,5572.8,3610,465.51724137931035,223.44827586206895,2]
[572,17392,26,null,"DB",4.9000000000000004,53,"II","A",0.92,12000,481,11040,442.52000000000004,16522,15200.24,4522,662.46992782678421,609.47233360064149,5]
[573,17393,26,null,"DB",5,55,"A","A",1.01,10000,401,10100,405.01,17881.98,18060.799800000001,7881.98,717,724.17,5]
[574,17394,26,null,"DB",5,49,"II","A",0.8,10000,401,8000,320.8,13392.78,10714.224000000002,3392.7800000000007,537,429.6,3]
[575,17395,31,null,"JS",4,41,"A","A",0.44,3500,140,1540,61.6,4738.6000000000004,2084.9840000000004,1238.6000000000004,190,83.6,4]
[576,17396,31,null,"JS",4,44,"A","A",0.51,3500,140,1785,71.400000000000006,4750,2422.5,1250,190.45709703287889,97.133119486768237,4]
[577,17397,31,null,"JS",4,42,"II","A",0.47,4500,180,2115,{"$f":"J579*L579","v":84.6},5110,2401.6999999999998,610,204.89174017642341,96.299117882918992,4]
[578,17398,31,null,"JS",3.5,47,"A","A",0.51,3500,140,{"$f":"J580*K580","v":1785},71.400000000000006,4550,2320.5,1050,182.43785084202085,93.043303929430635,2]
[579,17399,31,null,"JS",5,55,"A","A",1.01,3500,140,3535,141.4,4750,4797.5,1250,190.45709703287889,192.36166800320768,4]
[580,17400,2,null,"MD",5,52,"B","B",0.89,4000,160,3560,142.4,5985.6,5327.1840000000002,1985.6000000000004,240,213.6,2]
[581,17401,2,null,"MD",5,53,"II","A",0.92,7000,281,6440,258.52000000000004,9861,9072.1200000000008,2861,395.38893344025661,363.75781876503612,2]
[582,17402,2,null,"MD",5,60,"A","A",1.18,5500,221,6490,260.77999999999997,1800,2124,-3700,72.173215717722528,85.164394546912575,0]
[583,17403,2,null,"MD",5,46,"A","A",0.69,5500,221,3794.9999999999995,152.48999999999998,3061,2112.0899999999997,-2439,122.73456295108259,84.68684843624699,1]
[584,17404,2,null,"MD",5,46,"A","A",0.69,5500,221,3794.9999999999995,152.48999999999998,9000,6209.9999999999991,3500,360.86607858861265,248.99759422614272,3]
[585,17405,2,null,"MD",5,50,"II","A",0.82,7000,281,5740,230.42,10200,8364,3200,408.98155573376101,335.36487570168401,3]
[586,17406,2,null,"MD",5,51,"II","A",0.85,7000,281,5950,238.85,7781.2800000000007,6614.0880000000006,781.28000000000065,312,265.2,2]
[587,17407,2,null,"MD",5,50,"A","A",0.82,5500,221,4510,181.22,6983.2000000000007,5726.2240000000002,1483.2000000000007,280,229.6,2]
[588,17408,2,null,"MD",5,75,"B","A",1.85,4000,160,7400,296,7531.88,13933.978000000001,3531.88,302,558.70000000000005,2]
[589,17409,2,null,"MD",5,67,"A","A",1.48,5500,221,8140,327.08,6983.2000000000007,10335.136,1483.2000000000007,280,414.4,2]
[590,17410,2,null,"MD",5,54,"A","A",0.96,5500,221,5280,212.16,12000,11520,6500,481.15477145148355,461.90858059342418,3]
[591,17411,2,null,"MD",5,50,"B","B",0.82,4000,160,3280,131.19999999999999,5237.4000000000005,4294.6680000000006,1237.4000000000005,210,172.2,2]
[592,17412,5,null,"MD",4,50,"II","A",0.66,7000,281,4620,185.46,10524.68,6946.2888000000003,3524.6800000000003,422,278.52000000000004,3]
[593,17413,5,null,"MD",4,56,"C","C",0.82,3000,120,2460,98.399999999999991,7531.88,6176.1415999999999,4531.88,302,247.64,2]
[594,17414,5,null,"MD",4,48,"B","B",0.6,4000,160,2400,96,9028.2800000000007,5416.9679999999998,5028.2800000000007,362,217.2,2]
[595,17415,5,null,"MD",4,51,"II","A",0.68,7000,281,4760,191.08,10524.68,7156.782400000001,3524.6800000000003,422,286.96000000000004,2]
[596,17416,5,null,"MD",4,56,"A","A",0.82,5500,221,4510,181.22,14016.28,11493.3496,8516.2800000000007,562,460.84,2]
[597,17417,5,null,"MD",4,59,"II","A",0.92,7000,281,6440,258.52000000000004,14016.28,12894.977600000002,7016.2800000000007,562,517.04000000000008,2]
[598,17418,5,null,"MD",4,63,"A","A",1.04,5500,221,5720,229.84,11272.880000000001,11723.795200000002,5772.880000000001,452,470.08000000000004,2]
[599,17419,5,null,"MD",4,71,"A","A",1.32,5500,221,7260,291.72000000000003,15512.68,20476.7376,10012.68,622,821.04000000000008,3]
[600,17420,7,null,"MD",5,40,"A","A",0.52,5500,221,2860,114.92,3661,1903.72,-1839,146.79230152365676,76.331996792301524,1]
[601,17421,3,null,"MD",5,68,"A","A",1.52,5500,221,8360,335.92,7531.88,11448.4576,2031.88,302,459.04,2]
[602,17422,3,null,"MD",5,67,"A","A",1.48,5500,221,8140,327.08,9661,14298.28,4161,387.36968724939851,573.30713712910983,2]
[603,17423,3,null,"MD",5,55,"II","A",0.99,7000,281,6930,278.19,6284.88,6222.0312000000004,-715.11999999999989,252,249.48,1]
[604,17424,3,null,"MD",5,58,"A","A",1.1100000000000001,5500,221,6105.0000000000009,245.31000000000003,7881,8747.9100000000017,2381,315.99839615076183,350.75821972734565,2]
[605,17425,3,null,"MD",5,53,"II","A",0.92,7000,281,6440,258.52000000000004,11000,10120,4000,441.05854049719323,405.77385725741777,3]
[606,17426,3,null,"MD",5,67,"B","A",1.48,4000,160,5920,236.8,6235,9227.7999999999993,2235,250,370,2]
[607,17427,3,null,"MD",5,52,"A","A",0.89,5500,221,4895,196.69,11000,9790,5500,441.05854049719323,392.542101042502,3]
[608,17428,3,null,"MD",5,79,"II","A",2.0499999999999998,7000,281,14349.999999999998,576.04999999999995,13961,28620.05,6961,559.78348035284682,1147.5561347233358,2]
[609,17429,3,null,"MD",5,56,"B","B",1.03,4000,160,4120,164.8,7661,7890.83,3661,307.17722534081793,316.39254210104247,1]
[610,17430,3,null,"MD",5,49,"A","A",0.79,5500,221,4345,174.59,6235,4925.6500000000005,735,250,197.5,2]
[611,17431,5,null,"MD",4,57,"II","A",0.85,7000,281,5950,238.85,12661,10761.85,5661,507.65838011226941,431.50962309542899,2]
[612,17432,5,null,"MD",4,54,"A","A",0.77,5500,221,4235,170.17000000000002,8778.880000000001,6759.7376000000013,3278.880000000001,352,271.04000000000002,2]
[613,17433,5,null,"MD",4,51,"A","A",0.68,5500,221,3740.0000000000005,150.28,8681,5903.0800000000008,3181,348.07538091419406,236.69125902165197,2]
[614,17434,5,null,"MD",4,61,"A","A",0.98,5500,221,5390,216.57999999999998,8881,8703.3799999999992,3381,356.0946271050521,348.97273456295108,2]
[615,17435,5,null,"MD",4,55,"II","A",0.79,7000,281,5530,221.99,13018.68,10284.7572,6018.68,522,412.38,2]
[616,17436,7,null,"MD",5,54,"II","A",0.96,7000,281,6720,269.76,8280.08,7948.8768,1280.08,332,318.71999999999997,2]
[617,17437,7,null,"MD",8,51,"A","A",1.36,5500,221,7480.0000000000009,300.56,9981,13574.160000000002,4481,400.20048115477141,544.27265437048914,2]
[618,17438,7,null,"MD",9,43,"A","A",1.0900000000000001,5500,221,5995,240.89000000000001,3061,3336.4900000000002,-2439,122.73456295108259,133.78067361668005,1]
[619,17439,7,null,"MD",10,46,"A","A",1.38,5500,221,7589.9999999999991,304.97999999999996,8561,11814.179999999998,3061,343.2638331996792,473.70408981555727,2]
[620,17440,14,null,"MD",10,50,"II","A",1.64,7000,281,11480,460.84,8881,14564.839999999998,1881,356.0946271050521,583.99518845228545,2]
[621,17441,14,null,"MD",4,48,"A","A",0.6,5500,221,3300,132.6,7621,4572.5999999999995,2121,305.57337610264636,183.34402566158781,1]
[622,17442,14,null,"MD",3.9,43,"II","A",0.47,7000,281,3290,132.07,4861,2284.67,-2139,194.90777866880512,91.606655974338409,1]
[623,17443,12,null,"MD",5,50,"II","A",0.82,7000,281,5740,230.42,7681,6298.42,681,307.97914995990374,252.54290296712105,1]
[624,17444,12,null,"MD",5,45,"B","B",0.66,4000,160,2640,105.60000000000001,3061,2020.26,-939,122.73456295108259,81.00481154771451,1]
[625,17445,14,null,"MD",4,46,"A","A",0.55000000000000004,5500,221,3025.0000000000005,121.55000000000001,1800,990.00000000000011,-3700,72.173215717722528,39.695268644747394,0]
[626,17446,12,null,"MD",5,54,"B","B",0.96,4000,160,3840,153.6,6621,6356.16,2621,265.47714514835604,254.8580593424218,1]
[627,17447,12,null,"MD",5,60,"II","A",1.18,7000,281,8260,331.58,9661,11399.98,2661,387.36968724939851,457.09623095429021,1]
[628,17448,12,null,"MD",5,48,"A","A",0.75,5500,221,4125,165.75,1800,1350,-3700,72.173215717722528,54.129911788291892,0]
[629,17449,12,null,"MD",8,51,"A","A",1.36,5500,221,7480.0000000000009,300.56,8861,12050.960000000001,3361,355.29270248596629,483.19807538091419,1]
[630,17450,12,null,"MD",10,51,"A","A",1.71,5500,221,9405,377.90999999999997,7981,13647.51,2481,320.00801924619083,547.21371291098626,2]
[631,17451,12,null,"MD",8,50,"A","A",1.31,5500,221,7205,289.51,8661,11345.91,3161,347.27345629510825,454.9282277465918,2]
[632,17452,12,null,"MD",8,47,"A","A",1.1599999999999999,5500,221,6380,256.35999999999996,5736.2000000000007,6653.9920000000002,236.20000000000073,230.00000000000003,266.8,2]
[633,17453,12,null,"MD",8,57,"II","A",1.71,7000,281,11970,480.51,9028.2800000000007,15438.3588,2028.2800000000007,362,619.02,2]
[634,17454,12,null,"MD",8,48,"A","A",1.21,5500,221,6655,267.40999999999997,7781.2800000000007,9415.3487999999998,2281.2800000000007,312,377.52,2]
[635,17455,12,null,"MD",5,44,"B","B",0.63,4000,160,2520,100.8,2800,1764,-1200,112.26944667201282,70.72975140336807,1]
[636,17456,20,null,"MD",5,50,"A","A",0.82,5500,221,4510,181.22,3000,2460,-2500,120.28869286287089,98.636728147554123,1]
[637,17457,20,null,"MD",5,48,"B","B",0.75,4000,160,3000,120,6235,4676.25,2235,250,187.5,2]
[638,17458,20,null,"MD",5,46,"B","B",0.69,4000,160,2760,110.39999999999999,3000,2070,-1000,120.28869286287089,82.999198075380903,1]
[639,17459,20,null,"MD",5,44,"A","A",0.63,5500,221,3465,139.22999999999999,3000,1890,-2500,120.28869286287089,75.781876503608657,1]
[640,17460,20,null,"MD",5,40,"B","B",0.52,4000,160,2080,83.2,3000,1560,-1000,120.28869286287089,62.550120288692867,1]
[641,17461,20,null,"MD",5,45,"A","A",0.66,5500,221,3630,{"$f":"J643*L643","v":145.86000000000001},8681,5729.46,3181,348.07538091419406,229.72975140336808,1]
[642,17462,20,null,"MD",5,55,"A","A",0.99,5500,221,{"$f":"J644*K644","v":5445},218.79,7781.2800000000007,7703.467200000001,2281.2800000000007,312,308.88,2]
[643,17463,20,null,"MD",5,53,"A","A",0.92,5500,221,5060,203.32000000000002,7781.2800000000007,7158.7776000000013,2281.2800000000007,312,287.04000000000002,2]
[644,17464,20,null,"MD",5,53,"II","A",0.92,7000,281,6440,258.52000000000004,9681,8906.52,2681,388.17161186848432,357.11788291900558,2]
[645,17465,20,null,"MD",5,50,"A","A",0.82,5500,221,4510,181.22,5985.6,4908.192,485.60000000000036,240,196.79999999999998,2]
[646,17466,20,null,"MD",5,62,"II","A",1.26,7000,281,8820,354.06,9981,12576.06,2981,400.20048115477141,504.25260625501198,2]
[647,17467,20,null,"MD",5,45,"A","A",0.66,5500,221,3630,145.86000000000001,3000,1980,-2500,120.28869286287089,79.390537289494787,1]
[648,17468,20,null,"MD",5,51,"B","B",0.85,4000,160,3400,136,4661,3961.85,661,186.88853247794705,158.85525260625499,1]
[649,17469,20,null,"MD",5,47,"A","A",0.72,5500,221,3960,159.12,3000,2160,-2500,120.28869286287089,86.607858861267033,1]
[650,17470,20,null,"MD",4.9000000000000004,55,"A","A",0.97,5500,221,5335,214.37,8961,8692.17,3461,359.30232558139534,348.52325581395348,2]
[651,17471,20,null,"MD",5,54,"II","A",0.96,7000,281,6720,269.76,10275.280000000001,9864.2687999999998,3275.2800000000007,412,395.52,2]
[652,17472,20,null,"MD",5,50,"A","A",0.82,5500,221,4510,181.22,9261,7594.0199999999995,3761,371.33119486768243,304.49157979149959,1]
[653,17473,20,null,"MD",5,45,"A","A",0.66,5500,221,3630,145.86000000000001,5861,3868.26,361,235.00400962309541,155.10264635124298,1]
[654,17474,20,null,"MD",5,45,"A","A",0.66,5500,221,3630,145.86000000000001,8778.880000000001,5794.0608000000011,3278.880000000001,352,232.32000000000002,2]
[655,17475,20,null,"MD",5,45,"B","B",0.66,4000,160,2640,105.60000000000001,3000,1980,-1000,120.28869286287089,79.390537289494787,1]
[656,17476,20,null,"MD",5,46,"A","A",0.69,5500,221,3794.9999999999995,152.48999999999998,9028.2800000000007,6229.5132000000003,3528.2800000000007,362,249.77999999999997,2]
[657,17477,20,null,"MD",5,50,"II","A",0.82,7000,281,5740,230.42,9681,7938.4199999999992,2681,388.17161186848432,318.30072173215711,2]
[658,17478,20,null,"MD",5,48,"II","A",0.75,7000,281,5250,210.75,5681,4260.75,-1319,227.78668805132315,170.84001603849237,1]
[659,17479,20,null,"MD",5,51,"B","B",0.85,4000,160,3400,136,4661,3961.85,661,186.88853247794705,158.85525260625499,1]
[660,17480,20,null,"MD",5,51,"A","A",0.85,5500,221,4675,187.85,7561,6426.8499999999995,2061,303.16760224538893,257.69246190858058,2]
[661,17481,20,null,"MD",5,42,"A","A",0.57999999999999996,5500,221,3190,128.17999999999998,1800,1044,-3700,72.173215717722528,41.860465116279066,0]
[662,17482,20,null,"MD",5,54,"II","A",0.96,7000,281,6720,269.76,8280.08,7948.8768,1280.08,332,318.71999999999997,2]
[663,17483,20,null,"MD",5,43,"B","B",0.6,4000,160,2400,96,3000,1800,-1000,120.28869286287089,72.173215717722528,1]
[664,17484,20,null,"MD",5,44,"B","B",0.63,4000,160,2520,100.8,3600,2268,-400,144.34643143544506,90.938251804330392,1]
[665,17485,20,null,"MD",5,52,"A","A",0.89,5500,221,4895,196.69,8529.48,7591.2371999999996,3029.4799999999996,341.99999999999994,304.37999999999994,2]
[666,17486,20,null,"MD",5,50,"A","A",0.82,5500,221,4510,181.22,6783.68,5562.6175999999996,1283.6800000000003,272,223.04,2]
[667,17487,20,null,"MD",5,63,"A","A",1.3,5500,221,7150,287.3,7861,10219.300000000001,2361,315.19647153167602,409.75541299117884,1]
[668,17488,20,null,"MD",5,43,"A","A",0.6,5500,221,3300,132.6,8030.68,4818.4080000000004,2530.6800000000003,322,193.2,2]
[669,17489,20,null,"MD",5,53,"A","A",0.92,5500,221,5060,203.32000000000002,8661,7968.1200000000008,3161,347.27345629510825,319.49157979149959,1]
[670,17490,20,null,"MD",5,59,"B","B",1.1399999999999999,4000,160,4560,182.39999999999998,4861,5541.54,861,194.90777866880512,222.19486768243783,1]
[671,17491,20,null,"MD",5,50,"A","A",0.82,5500,221,4510,181.22,5985.6,4908.192,485.60000000000036,240,196.79999999999998,2]